{"text_format":"3","workbook":"xlsx","n_sheets":14,"sheets":["Genset House","Well","3 UWT-Grand Sumary (2)","UWT-Grand Sumary","UWT-GOBKA-DARIMO","UWT-Shirwac","BOQ ","UWT-BAQADABAAL","UWT-WAXARAWALIS (2)","UWT-WAXARAWALIS","UWT","Sheet1","Water Tank","Water point"],"not_rendered":{"images":4},"read":"whole","date_system":"1900"}

{"sheet":"Genset House","index":0,"n_rows":102,"n_cols":6,"rows_kept":102,"hidden":true,"merged":[[0,0,0,5],[1,0,1,5],[2,0,2,4],[4,0,4,4],[11,0,11,2],[12,0,12,4],[13,0,13,5],[39,0,39,2],[40,0,40,4],[41,0,41,5],[53,0,53,2],[54,0,54,4],[55,0,55,5],[60,0,60,2],[61,0,61,4],[62,0,62,5],[64,0,64,2],[65,0,65,4],[66,0,66,5],[72,0,72,2],[73,0,73,4],[74,0,74,5],[79,0,79,2],[80,0,80,4],[81,0,81,5],[84,0,84,2],[85,0,85,5],[86,0,86,4]]}
["BILL OF QUANTITY FOR CONSTRUCTION OF GENSET HOUSE"]
["Notes: The contractor is reminded to visit the site before filling the tender to ascertain the extent of the conditions of site.  All quantified works in the tender are provisional and payment shall be  made based on the actual work executed at the site and agreed upon by all parties. The contractor is advised to constantly seek the  Engineer instructions at each phase of the work and if required, before filling the tender. All unit rate shall be deemed to include all elements of supplying and construction work that is labour and other overheads eg security, profit and overheads, cost of materials, wastages, transport etc."]
["BILL NO 1 PRELIMINARY WORKS"]
["ITEM","DESCRIPTION","UNIT","QUANTITY ","RATE (usd)","AMOUNT (usd)"]
["BILL NO 1 EXCAVATION AND EARTHWORKS"]
[1.1,"Excavate starting from stripped level a 600mm wide foundation trench to an average depth of 1500mm (1.5m) in normal soil to be approved by site Engineer","cum",{"v":22,"d":"22.00"},{"v":3,"d":"3.00"},{"$f":"D6*E6","v":{"v":66,"d":"66.00"}}]
[1.2,"Excavate starting from stripped level a column base foundation as per foundation layout  to an average depth of 1500mm (1.5m) in normal soil to be approved by site Engineer","cum",{"v":2,"d":"2.00"},{"v":3,"d":"3.00"},{"v":6,"d":"6.00"}]
[1.3,"Supply all materials and cast 50mm concrete for blinding concrete ratio 1:4:8","cum",{"v":0.708,"d":"0.71"},{"v":60,"d":"60.00"},42.48]
[1.4,"Return fill in and ram excavated material around foundations as directed by Engineer on site","cum",{"v":35,"d":"35.00"},{"v":2,"d":"2.00"},{"v":70,"d":"70.00"}]
[1.5,"Cart-away surplus excavated materials to where directed by Engineer","cum",7.08,{"v":2,"d":"2.00"},14.16]
[1.6,"Allow for keeping excavations free from undergroung, or storm water","item",{"v":1,"d":"1.00"},{"v":10,"d":"10.00"},{"v":10,"d":"10.00"}]
["Total Bill No.1(Carried to Summary)",{"$nulls":4},{"$f":"SUM(F6:F11)","v":208.64}]
["BILL NO 2 SUBSTRUCTURE WORKS"]
["The following items include supply and cast of concrete, shuttering, tie rods, spacers, supply and placing of concrete, vibrating, steel reinforcement shaping and fixing, curing, steel reinforcement, and supply and cast the required concrete, using mechanical vibrators, curing, testing steel reinforcement and concrete, and all other requirements and workmanship as per specifications, drawings and engineers instructions. "]
[2.1,"Supply and handpark 300mm hardcore filling well watered and compacted to receive murram (m.s) as directed on site.","cum",{"v":10.2,"d":"10.20"},{"v":6,"d":"6.00"},{"$f":"D15*E15","v":{"v":61.199999999999996,"d":"61.20"}}]
[2.2,"Supply and lay 50mm thick murram blinding well compacted to receive floor bed(m.s)","sq.m",{"v":34,"d":"34.00"},{"v":1,"d":"1.00"},{"$f":"D16*E16","v":{"v":34,"d":"34.00"}}]
[null,"Concrete works"]
[null,"Vibrated reinforced concrete 1:2:4 to:-"]
[2.3,"Supply all materials and cast 150mm thick floor slab ","cum",{"v":5.1,"d":"5.10"},{"v":80,"d":"80.00"},{"$f":"D19*E19","v":{"v":408,"d":"408.00"}}]
[2.4,"Supply all materials and cast 450mm grade beam","cum",3.88,{"v":80,"d":"80.00"},{"v":310.4,"d":"310.40"}]
[2.5,"Supply all materials and cast 200mm thick strip foundation footing.","cum",{"v":2.832,"d":"2.83"},{"v":80,"d":"80.00"},226.56]
[2.6,"Supply all materials and cast 200mmx200mm columns(foundation column height 1.5m) according to structural drawings upon approval by Site Engineer","cum",0.24,{"v":80,"d":"80.00"},{"v":19.2,"d":"19.20"}]
[2.7,"Supply all materials and cast 300mm thick column bases to be approved by Engineer and according structural drawings","cum",{"v":0.8,"d":"0.800"},{"v":80,"d":"80.00"},{"v":64,"d":"64.00"}]
[null,"Reinforcement details"]
[2.8,"Supply and fix one layer B.R.C ref. No. A 142 fabric reinforcement with 150mm end laps tying wire and spacer blocks weighing 2.22kg/sm (measured nett, allow for laps)","sq.m",{"v":34,"d":"34.00"},{"v":4,"d":"4.00"},{"$f":"D25*E25","v":{"v":136,"d":"136.00"}}]
[2.9,"Supply and fix strip steel reinforcement round bars to B.s 4449 including all cutting to size, binding wire and spacer blocks in strip to be placed according to the structural drawings provided or as advised by Structural Site Engineer","kg",{"v":262,"d":"262.00"},{"v":1.5,"d":"1.50"},{"v":393,"d":"393.00"}]
[null,"Sawnform work to:-"]
[{"v":2.1,"d":"2.10"},"Supply and fix formwork for sides of stub columns, strip footing formworks and edges of base columns","sq.m",{"v":5,"d":"5.00"},{"v":3.5,"d":"3.50"},{"v":17.5,"d":"17.50"}]
[2.11,"Supply and fix formwork for sides and edges of floor bed 75-160mm high","lm",{"v":24,"d":"24.00"},{"v":1.5,"d":"1.50"},{"v":36,"d":"36.00"}]
[null,"Walling"]
[2.12,"200mm thick natural stone grade1  walling in cement sand mortar 1:3 with and including hoop-iron after every 2nd alternate course.","sq.m",{"v":36,"d":"36.00"},{"v":11,"d":"11.00"},{"v":396,"d":"396.00"}]
[2.13,"Premise 200cc\" or any other equal and approved anti-termite treatment applied as per manufactures","sq.m",{"v":34,"d":"34.00"},{"v":2,"d":"2.00"},{"v":68,"d":"68.00"}]
[null,"Damp proofing"]
[2.14,"500mm gauge polythene damp proof membrane with 150mm (Min) end and side laps","sq.m",{"v":34,"d":"34.00"},{"v":1.5,"d":"1.50"},{"v":51,"d":"51.00"}]
[null,"3 ply hessian based bituminous felt damp proof course bedded on mortar including leveling:-"]
[2.15,"Supply and fix 200mm wide damp proof course under walls.","lm",{"v":24,"d":"24.00"},{"v":1,"d":"1.00"},{"v":24,"d":"24.00"}]
[null,"Plinths"]
[2.16,"Supply and fix 12mm thick rendering in cement sand mortar 1:4","sq.m",3.56,{"v":2.5,"d":"2.50"},{"$f":"D38*E38","v":{"v":8.9,"d":"8.90"}}]
[2.17,"Prepare and apply 3 coats black bituminous paint","sq.m",3.56,{"v":2.5,"d":"2.50"},{"v":8.9,"d":"8.90"}]
["Total Bill No.2 (Carried to Summary)",{"$nulls":4},{"$f":"SUM(F15:F39)","v":{"v":2262.66,"d":"2,262.66"}}]
["BILL NO 3 SUPERSTRUCTURE WORKS"]
["1- Supplying , placing, workmanship, mortar, scaffolds, filling mastic for  expansion joints and all other required materials, equipment and tools to complete the work according to specifications and directions of supervisor engineer. \n2 -Contractor to provide samples for approval and all the required tests.                                        \n3-The following items include supply and cast of concrete, shuttering, tie rods, spacers, supply and placing of concrete, vibrating, steel reinforcement shaping and fixing, curing, steel reinforcement, and supply and cast the required concrete, using mechanical vibrators, curing, testing steel reinforcement and concrete, and all other requirements and workmanship as per specifications, drawings and engineers instructions. The contractor has to submit shop drawings for approval prior to work."]
[null,"Vibrated reinforced concrete 1:2:4 (20/20) in:-"]
[3.1,"Supply all materials and cast ring beams & Lintols as per structural design drawings","cum",2.32,{"v":90,"d":"90.00"},{"$f":"D44*E44","v":{"v":208.79999999999998,"d":"208.80"}}]
[3.2,"Supply all materials and cast columns as per structural design drawings attached work to be approved by Engineer","cum",0.48,{"v":90,"d":"90.00"},{"$f":"D45*E45","v":{"v":43.199999999999996,"d":"43.20"}}]
[null,"Formwork"]
[3.3,"Supply and fix formwork for sides of columns","sq.m",{"v":9.6,"d":"9.60"},{"v":3,"d":"3.00"},{"v":28.799999999999997,"d":"28.80"}]
[3.4,"Supply and fix formwork on sides and soffites of ringbeams","sq.m",{"v":24,"d":"24.00"},{"v":3,"d":"3.00"},{"v":72,"d":"72.00"}]
[null,"Reinforcement works"]
[3.5,"Assorted for beam reinforcement","kg",{"v":151,"d":"151.00"},{"v":1,"d":"1.00"},{"v":151,"d":"151.00"}]
[3.6,"Assorted for column reinforcement","kg",{"v":74,"d":"74.00"},{"v":1,"d":"1.00"},{"v":74,"d":"74.00"}]
[null,"Walling"]
[3.7,"200mm thick natural machine dressed stone grade 1  walling  in cement  mortar 1:4 with and including hoop-iron after every 2nd alternate course","sq.m",{"v":87,"d":"87.00"},{"v":11,"d":"11.00"},{"v":957,"d":"957.00"}]
["Total Bill No.3 (Carried to Summary)",{"$nulls":4},{"$f":"SUM(F44:F53)","v":{"v":1534.8,"d":"1,534.80"}}]
["BILL NO 4 DOORS"]
["All works must be according to drawings, specification and engineer instructions. \nRates shall include:-                                                             \n1- Submitting  samples for steel section for approval of material, accessories, color and fixation  method                                                  \n2- Steel frames should be filled with fine aggregate mortar concrete, for fixation                       \n3- Hardware, ironmongery and accessories should be approved before supply the materials    \n4-All required  tests for painting materials."]
[null,"Steel casement doors"]
[4.1,"Mild Steel Door -Supply and fix the following standard section purpose made metallic panelled  doors complete with 75 x 50 x 3mm angle iron frame ,16 gauge mild steel plate built into panels,50 x 25 x3 mm stiles, top and bottom rails,3 lever door lock, tower bolts, pad bolts, finish Door size 900 x 2100mm. In  one section side hung opening inward, including transom, permanent vent.","no",{"v":1,"d":"1.00"},{"v":100,"d":"100.00"},{"$f":"D58*E58","v":{"v":100,"d":"100.00"}}]
[4.2,"Mild Steel Door -Supply and fix the following standard section purpose made metallic panelled  doors complete with 75 x 50 x 3mm angle iron frame ,16 gauge mild steel plate built into panels,50 x 25 x3 mm stiles, top and bottom rails,3 lever door lock, tower bolts, pad bolts, finish. Double doors size 1800 x 2100mm, opening outwards","no",{"v":1,"d":"1.00"},{"v":150,"d":"150.00"},{"$f":"D59*E59","v":{"v":150,"d":"150.00"}}]
[]
["Total Bill No.4 (Carried to Summary)",{"$nulls":4},{"$f":"SUM(F58:F60)","v":{"v":250,"d":"250.00"}}]
["BILL NO 5 WINDOWS"]
["All works must be according to drawings, specification and engineer instructions.Rates shall include:-                                                             \n1- Submitting  samples for window section for approval of material, accessories, color and fixation  method                                                  \n2- Steel frames should be filled with fine aggregate mortar concrete, for fixation                      \n3- Hardware, ironmongery and accessories should be approved before supply the materials    \n4-All required  tests for painting materials."]
[5.1,"Supply , assemble and fix purpose-made mild steel widow casement Overall size 1500 x 1500mm, standard metal section from approved manufacture complete with frames, transoms, mullions and hinges stays, fasteners, permanent ventilators  comprising \"T\" bar G16 sheet metal hood 50mm x 50mm projection to full width of window,  including cutting and pinning lugs to stone wall and bending frame in cement mortar (1:3), approved ironmongery and one coat manufactures primer, all welding ground to smooth finish","No",4,{"v":50,"d":"50.00"},{"$f":"D64*E64","v":{"v":200,"d":"200.00"}}]
["Total Bill No.5 (Carried to Summary)",{"$nulls":4},{"$f":"SUM(F64:F64)","v":{"v":200,"d":"200.00"}}]
["ELEMENT NO. 6 ROOFING"]
["The contractor is reminded to include in his pricing, the cost of supply, cutting waste and erecting. Timber to be treated as described in the specifications.\nAll roofing timber should be 2nd grade cellcured cypress, straight, well seasoned, free from knots and insect attacks.\nAll steel trusses to be approved before installation"]
[6.1,"Supply fix 28 IT5 Gauge Galvanized corrugated  Iron sheet pre-painted - Blue. Secured with approved accessories. ","sq.m",39,{"v":8,"d":"8.00"},{"$f":"D68*E68","v":{"v":312,"d":"312.00"}}]
[6.2,"Supply and fabricate timber trusses spaced @ 1500 c/c along wall plate using 100mm x 50mm thick timber members for trusses, rafters, struts and collars","lm",{"v":47,"d":"47.00"},{"v":3,"d":"3.00"},{"$f":"D69*E69","v":{"v":141,"d":"141.00"}}]
[6.3,"Supply and fix 100 x 50mm wall plate secured on the wall using bolts and fixed with hoop iron to ring beam.","lm",{"v":10,"d":"10.00"},{"v":3,"d":"3.00"},{"$f":"D70*E70","v":{"v":30,"d":"30.00"}}]
[6.4,"50mm x 50mm cypress timber for purlins spaced @ 375 mm across the trusses and secured to the truss rafters using appropriate bolts, nuts and washers","lm",{"v":40,"d":"40.00"},{"v":3,"d":"3.00"},{"$f":"D71*E71","v":{"v":120,"d":"120.00"}}]
[6.5,"200 x 25mm fascia board (apply wood primer on back of timber before fixing fascia board.","lm",{"v":30,"d":"30.00"},{"v":3,"d":"3.00"},{"$f":"D72*E72","v":{"v":90,"d":"90.00"}}]
["Total Bill No.7 (Carried to Summary)",{"$nulls":4},{"$f":"SUM(F68:F72)","v":{"v":693,"d":"693.00"}}]
["BILL NO 7 FINISHES"]
["All works must be according to specification and engineer instructions. Rates shall include :  \n1-Supply of all needed materials, including galvanized angles for the corners  as well as the use of   galvanized wire mesh  between concrete \n2-Preparation works by covering all conduits of electricity, water supplies ,between existing walls and slabs … etc,  with  a galvanized wire mesh at least 20cm width  coated by mortar (1:1) cement : sand and the work  includes removal of  wires and  nails and cleaning of surfaces to be ready for plastering .This should be done prior to commencement of plastering and after obtaining a written approval from the supervision engineer.\n3-Contractor shall take into consideration that all – direct and indirect works and expenses required for the completion of the coming items are included in the unit price.4-Curing with water for at least three days for each coat.\n5-Price of plastering shall include all required materials and works, mixing, scaffolds, cleaning the site, required equipment and workmanship to complete the work according to specifications and directions of the engineer                                                                        \n6- Price of tiling works shall include supply of all materials, mixing the cement paste, cutting the tiles to the required shapes and dimensions, cleaning the site ,required equipment & workmanship to complete the work according to specifications and directions of the engineer."]
[null,"Floors"]
[7.1,"Supply all materials and screed 25mm thick cement sand screed 1:2 steel backing with red oxide","sq.m",{"v":34,"d":"34.00"},{"v":3,"d":"3.00"},{"$f":"D77*E77","v":{"v":102,"d":"102.00"}}]
[null,"Walls"]
[7.3,"15mm thick cement sand plaster on internal walls","sq.m",{"$f":"D53*2","v":{"v":174,"d":"174.00"}},{"v":2,"d":"2.00"},{"$f":"D79*E79","v":{"v":348,"d":"348.00"}}]
["Total Bill No.7 (Carried to Summary)",{"$nulls":4},{"$f":"SUM(F77:F79)","v":{"v":450,"d":"450.00"}}]
["BILL NO 8 PAINTING AND DECORATIONS"]
["Rates include: 1- Any painting materials must have a valid certificate confirming that the paint materials meet with  standard and specification , tested by approved local laboratory and have the final approved from the supervisor engineer.\n2- The surface must be dry and clean before painting.                            \n3- All painting works should provide the required coverage.\n4- All paint works must be according to specifications , drawings and supervisor engineer instructions. \n5- Contractor shall take into consideration that all – direct and indirect works and expenses required for the completion of the coming items are included in the unit price. \n6- Smoothen surfaces of existing plastering before the  Commencement paint using sand paper.     \n7- Price of painting shall include supply of all materials, cleaning the site, required equipment and workmanship to complete the work according to specifications and directions of the engineer.  "]
[8.1,"Prepare and apply three coats Ruff 'N' safi exterior long lasting first grade plastic emulsion paint as\"crown\" or any other equal and approved paint to Rendered surfaces  ","sq.m",{"$f":"D79/2","v":{"v":87,"d":"87.00"}},{"v":2,"d":"2.00"},{"$f":"D83*E83","v":{"v":174,"d":"174.00"}}]
[8.2,"Supply, prepare and apply 3 coats smooth velvet emulsion paint as \"crown\" or any other equal and approved paint to Plastered walls","sq.m",{"$f":"D83","v":{"v":87,"d":"87.00"}},{"v":2,"d":"2.00"},{"$f":"D84*E84","v":{"v":174,"d":"174.00"}}]
["Total Bill No.8 (Carried to Summary)",{"$nulls":4},{"$f":"SUM(F83:F84)","v":{"v":348,"d":"348.00"}}]
[]
["GRAND SUMMARY"]
[1,"EXCAVATION AND EARTHWORKS",{"$nulls":3},{"$f":"F12","v":208.64}]
[2,"SUBSTRUCTURE",{"$nulls":3},{"$f":"F40","v":{"v":2262.66,"d":"2,262.66"}}]
[3,"SUPERSTRUCTURE",{"$nulls":3},{"$f":"F54","v":{"v":1534.8,"d":"1,534.80"}}]
[4,"DOORS",{"$nulls":3},{"$f":"F61","v":{"v":250,"d":"250.00"}}]
[5,"WINDOWS",{"$nulls":3},{"$f":"F65","v":{"v":200,"d":"200.00"}}]
[6,"ROOF",{"$nulls":3},{"$f":"F73","v":{"v":693,"d":"693.00"}}]
[7,"FINISHES",{"$nulls":3},{"$f":"F80","v":{"v":450,"d":"450.00"}}]
[8,"PAINTING AND DECORATIONS",{"$nulls":3},{"$f":"F85","v":{"v":348,"d":"348.00"}}]
[null,"GRAND TOTAL ",{"$nulls":3},{"$f":"SUM(F88:F95)","v":{"v":5947.099999999999,"d":"5,947.10"}}]
[]
[null,"NAME:"]
[]
[null,"DATE:"]
[]
[null,"SIGNATURE:"]

{"sheet":"Well","index":1,"n_rows":45,"n_cols":6,"rows_kept":45,"hidden":true,"merged":[[0,0,0,5],[1,0,1,5],[2,0,2,4],[4,0,4,4],[9,0,9,2],[10,0,10,4],[11,0,11,5],[22,0,22,2],[23,0,23,4],[24,0,24,5],[38,1,38,3],[39,0,39,4]]}
["BILL OF QUANTITY FOR DIGGING AND CONSTRUCTION OF 50M DEEP WELL, Solar installation "]
["Notes: The contractor is reminded to visit the site before filling the Request for quotation  ascertain the extent of the conditions of site.  All quantified works in the Request for quotation are provisional and payment shall be  made based on the actual work executed at the site and agreed upon by all parties. The contractor is advised to constantly seek the  Engineer instructions at each phase of the work and if required, before filling the Request for quotation. All unit rate shall be deemed to include all elements of supplying and construction work that is labour and other overheads eg security, profit and overheads, cost of materials, wastages, transport etc."]
["BILL NO 1 PRELIMINARY WORKS"]
["ITEM","DESCRIPTION","UNIT","QUANTITY ","RATE (usd)","AMOUNT (usd)"]
["BILL NO 1 EXCAVATION AND EARTHWORKS"]
[1.1,"Excavate starting from stripped level a column base foundation as per foundation layout  to an average depth of 1500mm (1.5m) in normal soil to be approved by site Engineer","cum",{"v":1.5,"d":"1.50"},{"v":100,"d":"100.00"},{"$f":"D6*E6","v":{"v":150,"d":"150.00"}}]
[1.2,"Exavate from 1.5m to 50m in all formation","cum",{"v":48.5,"d":"48.50"},{"v":140,"d":"140.00"},{"$f":"D7*E7","v":{"v":6790,"d":"6,790.00"}}]
[1.4,"Cart-away surplus excavated materials to where directed by Engineer","cum",{"$f":"PI()*1*1/4*50","v":{"v":39.269908169872416,"d":"39.27"}},{"v":2,"d":"2.00"},{"$f":"D8*E8","v":{"v":78.53981633974483,"d":"78.54"}}]
[1.5,"Allow costs for de-watering the well while digging","item",{"v":4,"d":"4.00"},{"v":10,"d":"10.00"},{"$f":"D9*E9","v":{"v":40,"d":"40.00"}}]
["Total Bill No.1(Carried to Summary)",{"$nulls":4},{"$f":"SUM(F6:F9)","v":{"v":7058.539816339745,"d":"7,058.54"}}]
["BILL NO 2 SUBSTRUCTURE WORKS"]
["The following items include supply and cast of concrete, shuttering, tie rods, spacers, supply and placing of concrete, vibrating, steel reinforcement shaping and fixing, curing, steel reinforcement, and supply and cast the required concrete, using mechanical vibrators, curing, testing steel reinforcement and concrete, and all other requirements and workmanship as per specifications, drawings and engineers instructions. "]
[null,"Concrete works"]
[null,"Vibrated reinforced concrete 1:1:2 to:-"]
[2.1,"Supply all materials and cast 1m diameter RCC rings up to a deth of 50 meters and the well cover","cum",{"$f":"(((PI()*1^2)-(PI()*0.8^2))*51.5)+(PI()*1^2*0.1)","v":{"v":58.55928706291374,"d":"58.56"}},{"v":120,"d":"120.00"},{"$f":"D15*E15","v":{"v":7027.1144475496485,"d":"7,027.11"}}]
[2.2,"Supply all materials for pre cast bottom ring","cum",{"$f":"((PI()*1.4^2)-(PI()*1^2))*0.2","v":{"v":0.6031857894892401,"d":"0.60"}},{"v":120,"d":"120.00"},{"v":72.38229473870881,"d":"72.38"}]
[2.3,"Supply all materials for the Well slab","cum",{"$f":"((PI()*4^2)-(PI()*1^2))*0.4","v":{"v":18.84955592153876,"d":"18.85"}},{"v":120,"d":"120.00"},{"v":2261.946710584651,"d":"2,261.95"}]
[2.4,"Supply all materials and cast 300mm thick column bases to be approved by Engineer and according structural drawings","cum",{"v":6.4,"d":"6.400"},{"v":120,"d":"120.00"},{"v":768,"d":"768.00"}]
[null,"Reinforcement details"]
[2.4,"Supply and fix strip steel reinforcement round bars to B.s 4449 including all cutting to size, binding wire and spacer blocks in strip to be placed according to the structural drawings provided or as advised by Structural Site Engineer","kg",819.12,{"v":1.5,"d":"1.50"},{"v":1228.68,"d":"1,228.68"}]
[null,"Sawnform work to:-"]
[{"v":2.5,"d":"2.50"},"Supply and fix formwork for sides of stub columns, strip footing formworks and edges of base columns","sq.m",{"v":40,"d":"40.00"},{"v":3.5,"d":"3.50"},{"v":140,"d":"140.00"}]
["Total Bill No.2 (Carried to Summary)",{"$nulls":4},{"$f":"SUM(F13:F22)","v":{"v":11498.12345287301,"d":"11,498.12"}}]
["BILL NO 3 PUMP AND SOLAR INSTALLATION"]
["The work will include supply and installation of all materials needed for test pumping, solar installation. Test pumping will inform the solar installation design."]
[3.01,"Test pumping costs to determine yield of the well","LS",{"$f":"4.8*4.8*0.6","v":{"v":13.824,"d":"13.82"}},{"v":120,"d":"120.00"},{"$f":"D26*E26","v":{"v":1658.8799999999999,"d":"1,658.88"}}]
[null,"Solar installation materials"]
[3.02,"4KW submersible pump","Pc",1]
[{"$f":"A28+0.01","v":3.03},"Control Unit","Pc",1]
[{"$f":"A29+0.01","v":{"v":3.0399999999999996,"d":"3.04"}},"Solar Modules (300 watt polycrystalline)","Pc",6]
[{"v":3.0499999999999994,"d":"3.05"},"6mm Square Flat Submersible drop cable","Metre",80]
[{"v":3.059999999999999,"d":"3.06"},"Well Probe Cable","Metre",80]
[{"v":3.069999999999999,"d":"3.07"},"Sun-switch","Pc",1]
[{"v":3.0799999999999987,"d":"3.08"},"PV Disconnect 200V/20A","Pc",1]
[{"v":3.0899999999999985,"d":"3.09"},"PS Communicator","Pc",1]
[{"v":3.0999999999999983,"d":"3.10"},"Well Probe Sensor","Pc",1]
[{"v":3.109999999999998,"d":"3.11"},"Float Switch","Pc",1]
[{"$f":"A36+0.01","v":{"v":3.109999999999998,"d":"3.11"}},"Support structure of the solar pannels","LS",{"v":1,"d":"1.00"}]
[{"$f":"A37+0.01","v":{"v":3.119999999999998,"d":"3.12"}},"Total Bill No.3 (Carried to Summary)",{"$nulls":3},{"$f":"SUM(F26:F38)","v":{"v":1658.8799999999999,"d":"1,658.88"}}]
["GRAND SUMMARY"]
[1,"EXCAVATION AND EARTHWORKS",{"$nulls":3},{"$f":"F10","v":{"v":7058.539816339745,"d":"7,058.54"}}]
[2,"SUBSTRUCTURE",{"$nulls":3},{"$f":"F23","v":{"v":11498.12345287301,"d":"11,498.12"}}]
[3,"PUMP AND SOLAR INSTALLATION"]
[4,"PAINTING AND DECORATIONS"]
[null,"GRAND TOTAL ",{"$nulls":3},{"$f":"SUM(F41:F44)","v":{"v":18556.663269212753,"d":"18,556.66"}}]

{"sheet":"3 UWT-Grand Sumary (2)","index":2,"n_rows":19,"n_cols":6,"rows_kept":19,"hidden":true}
[]
[null,"Concern Worldwide"]
[null,"Bill of Quantities"]
[null,"Construction of three 200CM Underground Water Tank"]
[null,"Grand Summary"]
[]
["Item ","Description","200CM UWT-Shirwac  Village","220CM UWT-BAQADABAAL Village","200CM UWT-WAXARAWALIS Village","Amount ( USD)"]
[1,"EXCAVATION AND EARTHWORKS"]
[2,"SUBSTRUCTURE"]
[3,"SUPERSTRUCTURE "]
[4,"FINISHES"]
[5,"WATER PROOFING, ROOFING, PAINTING AND DECORATIONS"]
[null,"GRAND TOTAL ",{"$nulls":3},{"$f":"SUM(F8:F12)","v":0}]
[]
[null,"NAME:"]
[]
[null,"DATE:"]
[]
[null,"SIGNATURE:"]

{"sheet":"UWT-Grand Sumary","index":3,"n_rows":19,"n_cols":7,"rows_kept":19,"hidden":true}
[]
[null,"Concern Worldwide"]
[null,"Bill of Quantities"]
[null,"Construction of three 200CM and one 220CM Underground Water Tank"]
[null,"Grand Summary"]
[]
["Item ","Description","220 CM UWT-GOBKA-DARIMO  Village, ","200CM UWT-Shirwac  Village","220CM UWT-BAQADABAAL Village","200CM UWT-WAXARAWALIS Village","Amount ( USD)"]
[1,"EXCAVATION AND EARTHWORKS"]
[2,"SUBSTRUCTURE"]
[3,"SUPERSTRUCTURE "]
[4,"FINISHES"]
[5,"WATER PROOFING, ROOFING, PAINTING AND DECORATIONS"]
[null,"GRAND TOTAL ",{"$nulls":4},{"$f":"SUM(G8:G12)","v":0}]
[]
[null,"NAME:"]
[]
[null,"DATE:"]
[]
[null,"SIGNATURE:"]

{"sheet":"UWT-GOBKA-DARIMO","index":4,"n_rows":62,"n_cols":6,"rows_kept":62,"hidden":true,"merged":[[6,0,6,5],[7,0,7,4],[9,0,9,4],[15,0,15,2],[16,0,16,4],[17,0,17,5],[28,0,28,2],[29,0,29,4],[30,0,30,5],[34,0,34,2],[35,0,35,4],[36,0,36,5],[41,0,41,2],[42,0,42,4],[43,0,43,5],[47,0,47,2],[48,0,48,5],[49,0,49,4]]}
[]
[null,"Concern Worldwide"]
[null,"Bill of Quantities"]
[null,"Construction of 220CM Underground Water Tank"]
[null,"GOBKA-DARIMO  Village, Gabiley Region"]
[]
["Notes: The contractor is reminded to visit the site before filling the Request for quotation  to ascertain the extent of the conditions of site.  All quantified works in the Request for quotation are provisional and payment shall be  made based on the actual work executed at the site and agreed upon by all parties. The contractor is advised to constantly seek the  Engineer instructions at each phase of the work and if required, before filling the Request for quotation. All unit rate shall be deemed to include all elements of supplying and construction work that is labour and other overheads eg security, profit and overheads, cost of materials, wastages, transport etc."]
["BILL NO 1 PRELIMINARY WORKS"]
["ITEM","DESCRIPTION","UNIT","QUANTITY ","RATE (usd)","AMOUNT (usd)"]
["BILL NO 1 EXCAVATION AND EARTHWORKS"]
[1.1,"Excavation of foundation trench of 800mm wide and 250mm deep and foudation column pit of 250mm deep in normal soil to be approved by site Engineer","cum",{"$f":"0.6+7.36+2.96","v":10.92}]
[1.2,"Supply all materials and cast 50mm concrete for blinding concrete ratio 1:4:8","cum",{"$f":"D11/0.25*0.05","v":{"v":2.184,"d":"2.18"}}]
[1.3,"Return fill in and ram excavated material around foundations as directed by Engineer on site","cum",{"$f":"D11*0.5","v":5.46}]
[1.4,"Cart-away surplus excavated materials to where directed by Engineer","cum",{"$f":"D11-D13","v":5.46}]
[1.5,"Allow for keeping excavations free from undergroung, or storm water","item",{"v":1,"d":"1.00"}]
["Total Bill No.1(Carried to Summary)",{"$nulls":4},{"$f":"SUM(F11:F15)","v":0}]
["BILL NO 2 SUBSTRUCTURE WORKS"]
["The following items include supply and cast of concrete, shuttering, tie rods, spacers, supply and placing of concrete, vibrating, steel reinforcement shaping and fixing, curing, steel reinforcement, and supply and cast the required concrete, using mechanical vibrators, curing, testing steel reinforcement and concrete, and all other requirements and workmanship as per specifications, drawings and engineers instructions. "]
[null,"Concrete works"]
[null,"Vibrated reinforced concrete 1:1:2 to:-"]
[2.1,"Supply all materials and cast 250mm ground beam and column base","cum",{"$f":"D11/0.25*0.2","v":{"v":8.736,"d":"8.74"}}]
[{"$f":"A21+0.1","v":2.2},"Supply all materials and cast 400mmx400mm and 400mmx200mm columns according to structural drawings upon approval by Site Engineer","cum",{"$f":"(0.4*0.4*4*5.3)+(0.4*0.2*8*5.3)","v":{"v":6.784000000000001,"d":"6.78"}}]
[2.3,"Supply all materials and cast 400mmx400mm, 450mmx400mm and 400mmx400mm beams according to structural drawings upon approval by Site Engineer","cum",{"$f":"((0.4*0.4)+(0.4*0.45)+(0.4*0.4))*33.2","v":{"v":16.600000000000005,"d":"16.600"}}]
[2.4,"Supply all materials and cast 10000mmx5000mm floor with a thickness of 150mm according to structural drawings upon approval by Site Engineer","cum",{"$f":"(11*5*0.15)+(6.216+0.65)","v":15.116}]
[null,"Reinforcement details"]
[2.5,"Supply and fix strip steel reinforcement round bars to B.s 4449 including all cutting to size, binding wire and spacer blocks in strip to be placed according to the structural drawings provided or as advised by Structural Site Engineer","kg",{"v":2414.549004,"d":"2,414.55"}]
[null,"Sawnform work to:-"]
[2.6,"Supply and fix formwork for sides of stub columns, strip footing formworks and edges of base columns","sq.m",{"$f":"(6*0.4*4*12)+(0.25*1*1*12)","v":{"v":118.20000000000002,"d":"118.20"}}]
["Total Bill No.2 (Carried to Summary)",{"$nulls":4},{"$f":"SUM(F19:F28)","v":0}]
["BILL NO 3 WALLING  WORKS"]
["1- Supplying , placing, workmanship, mortar, scaffolds, and all other required materials, equipment and tools to complete the work according to specifications and directions of supervisor engineer. \n2 -Contractor to provide samples for approval and all the required tests.                                        \n3-The following items include supply and cast of concrete, shuttering, tie rods, spacers, supply and placing of concrete, vibrating, steel reinforcement shaping and fixing, curing, steel reinforcement, and supply and cast the required concrete, using mechanical vibrators, curing, testing steel reinforcement and concrete, and all other requirements and workmanship as per specifications, drawings and engineers instructions. The contractor has to submit shop drawings for approval prior to work."]
[null,"Vibrated reinforced concrete 1:1:2 (C25) in:-"]
[3.1,"Construct of rubble stone masonry wall with motar in the ratio 1:4 of cement and sand","sq.m",{"$f":"90+44.5+26.1+11.5188+4.617","v":{"v":176.73579999999998,"d":"176.74"}}]
[null,"Walling"]
["Total Bill No.3 (Carried to Summary)",{"$nulls":4},{"$f":"SUM(F33:F34)","v":0}]
["BILL NO 4 FINISHES"]
["All works must be according to specification and engineer instructions. Rates shall include :  \n1-Supply of all needed materials, including galvanized angles for the corners  as well as the use of   galvanized wire mesh  between concrete \n2-Sand and the work  includes removal of  wires and  nails and cleaning of surfaces to be ready for plastering .This should be done prior to commencement of plastering and after obtaining a written approval from the supervision engineer.\n3-Contractor shall take into consideration that all – direct and indirect works and expenses required for the completion of the coming items are included in the unit price.4-Curing with water for at least three days for each coat.\n5-Price of plastering shall include all required materials and works, mixing, scaffolds, cleaning the site, required equipment and workmanship to complete the work according to specifications and directions of the engineer                                                                        \n6- Price of tiling works shall include supply of all materials, mixing the cement paste, cutting the tiles to the required shapes and dimensions, cleaning the site ,required equipment & workmanship to complete the work according to specifications and directions of the engineer."]
[null," Floors ,walls finishes"]
[4.1,"Supply all materials and screed 25mm thick cement sand screed 1:2 steel backing ","sq.m",{"$f":"(10*6*2)+(5*8*2)+(3*2*4)+(10*5)+(3*2)","v":{"v":280,"d":"280.00"}}]
[4.2,"Provide and install alluminium ladder, two access manhole as per detailed in the drawing and as per Engineers specifications","sq.m",{"v":1,"d":"1.00"}]
[]
["Total Bill No.4 (Carried to Summary)",{"$nulls":4},{"$f":"SUM(F40:F41)","v":0}]
["BILL NO 5 WATER PROOFING, ROOFING, PAINTING AND DECORATIONS"]
["Rates include: 1- Any painting materials must have a valid certificate confirming that the paint materials meet with  standard and specification , tested by approved local laboratory and have the final approved from the supervisor engineer.\n2- The surface must be dry and clean before painting.                            \n3- All painting works should provide the required coverage.\n4- All paint works must be according to specifications , drawings and supervisor engineer instructions. \n5- Contractor shall take into consideration that all – direct and indirect works and expenses required for the completion of the coming items are included in the unit price. \n6- Smoothen surfaces of existing plastering before the  Commencement paint using sand paper.     \n7- Price of painting shall include supply of all materials, cleaning the site, required equipment and workmanship to complete the work according to specifications and directions of the engineer.  "]
[5.1,"Prepare and apply three coats exterior long lasting water proofing or any other equal and approved paint to Rendered surfaces  ","sq.m",{"$f":"(10*6*2)+(5*8*2)+(3*2*4)","v":{"v":224,"d":"224.00"}}]
[5.2,"Provide 28 # CGI sheets with complete its wood work and fasica boardas per the drawings.","sq.m",74.38]
[5.2,"Prepare and apply three coats exterior pait as approved by the Site Engineer","sq.m",{"v":11.5188,"d":"11.52"}]
["Total Bill No.5 (Carried to Summary)",{"$nulls":4},{"$f":"SUM(F45:F47)","v":0}]
[]
["GRAND SUMMARY"]
[1,"EXCAVATION AND EARTHWORKS",{"$nulls":3},{"$f":"F16","v":0}]
[2,"SUBSTRUCTURE",{"$nulls":3},{"$f":"F29","v":0}]
[3,"SUPERSTRUCTURE ",{"$nulls":3},{"$f":"F35","v":0}]
[4,"FINISHES",{"$nulls":3},{"$f":"F42","v":0}]
[5,"WATER PROOFING, ROOFING, PAINTING AND DECORATIONS",{"$nulls":3},{"$f":"F48","v":0}]
[null,"GRAND TOTAL ",{"$nulls":3},{"$f":"SUM(F51:F55)","v":0}]
[]
[null,"NAME:"]
[]
[null,"DATE:"]
[]
[null,"SIGNATURE:"]

{"sheet":"UWT-Shirwac","index":5,"n_rows":56,"n_cols":6,"rows_kept":56,"hidden":true,"merged":[[6,0,6,5],[7,0,7,4],[9,0,9,4],[15,0,15,2],[16,0,16,4],[17,0,17,5],[28,0,28,2],[29,0,29,4],[30,0,30,5],[34,0,34,2],[35,0,35,4],[36,0,36,5],[41,0,41,2],[42,0,42,4],[43,0,43,5],[47,0,47,2],[48,0,48,5],[49,0,49,4]]}
[]
[null,"Concern Worldwide"]
[null,"Bill of Quantities"]
[null,"Construction of 200CM Underground Water Tank"]
[null,"Shirwac  Village, Awdal Region"]
[]
["Notes: The contractor is reminded to visit the site before filling the Request for quotation  to ascertain the extent of the conditions of site.  All quantified works in the Request for quotation are provisional and payment shall be  made based on the actual work executed at the site and agreed upon by all parties. The contractor is advised to constantly seek the  Engineer instructions at each phase of the work and if required, before filling the Request for quotation. All unit rate shall be deemed to include all elements of supplying and construction work that is labour and other overheads eg security, profit and overheads, cost of materials, wastages, transport etc."]
["BILL NO 1 PRELIMINARY WORKS"]
["ITEM","DESCRIPTION","UNIT","QUANTITY ","RATE (usd)","AMOUNT (usd)"]
["BILL NO 1 EXCAVATION AND EARTHWORKS"]
[1.1,"Excavation of foundation trench of 800mm wide and 250mm deep and foudation column pit of 250mm deep in normal soil to be approved by site Engineer","cum",{"$f":"0.6+6.96+2.96","v":10.52}]
[1.2,"Supply all materials and cast 50mm concrete for blinding concrete ratio 1:4:8","cum",{"$f":"D11/0.25*0.05","v":{"v":2.104,"d":"2.10"}}]
[1.3,"Return fill in and ram excavated material around foundations as directed by Engineer on site","cum",{"$f":"D11*0.5","v":5.26}]
[1.4,"Cart-away surplus excavated materials to where directed by Engineer","cum",{"$f":"D11-D13","v":5.26}]
[1.5,"Allow for keeping excavations free from undergroung, or storm water","item",{"v":1,"d":"1.00"}]
["Total Bill No.1(Carried to Summary)",{"$nulls":4},{"$f":"SUM(F11:F15)","v":0}]
["BILL NO 2 SUBSTRUCTURE WORKS"]
["The following items include supply and cast of concrete, shuttering, tie rods, spacers, supply and placing of concrete, vibrating, steel reinforcement shaping and fixing, curing, steel reinforcement, and supply and cast the required concrete, using mechanical vibrators, curing, testing steel reinforcement and concrete, and all other requirements and workmanship as per specifications, drawings and engineers instructions. "]
[null,"Concrete works"]
[null,"Vibrated reinforced concrete 1:1:2 to:-"]
[2.1,"Supply all materials and cast 250mm ground beam and column base","cum",{"$f":"D11/0.25*0.2","v":{"v":8.416,"d":"8.42"}}]
[{"$f":"A21+0.1","v":2.2},"Supply all materials and cast 400mmx400mm and 400mmx200mm columns according to structural drawings upon approval by Site Engineer","cum",{"$f":"(0.4*0.4*4*5.3)+(0.4*0.2*8*5.3)","v":{"v":6.784000000000001,"d":"6.78"}}]
[2.3,"Supply all materials and cast 400mmx400mm, 450mmx400mm and 400mmx400mm beams according to structural drawings upon approval by Site Engineer","cum",{"$f":"((0.4*0.4)+(0.4*0.45)+(0.4*0.4))*33.2","v":{"v":16.600000000000005,"d":"16.600"}}]
[2.4,"Supply all materials and cast 10000mmx5000mm floor with a thickness of 150mm according to structural drawings upon approval by Site Engineer","cum",{"$f":"(10*5*0.15)+(6.216+0.65)","v":14.366}]
[null,"Reinforcement details"]
[2.5,"Supply and fix strip steel reinforcement round bars to B.s 4449 including all cutting to size, binding wire and spacer blocks in strip to be placed according to the structural drawings provided or as advised by Structural Site Engineer","kg",{"v":2372.020428,"d":"2,372.02"}]
[null,"Sawnform work to:-"]
[2.6,"Supply and fix formwork for sides of stub columns, strip footing formworks and edges of base columns","sq.m",{"$f":"(6*0.4*4*12)+(0.25*1*1*12)","v":{"v":118.20000000000002,"d":"118.20"}}]
["Total Bill No.2 (Carried to Summary)",{"$nulls":4},{"$f":"SUM(F19:F28)","v":0}]
["BILL NO 3 WALLING  WORKS"]
["1- Supplying , placing, workmanship, mortar, scaffolds, and all other required materials, equipment and tools to complete the work according to specifications and directions of supervisor engineer. \n2 -Contractor to provide samples for approval and all the required tests.                                        \n3-The following items include supply and cast of concrete, shuttering, tie rods, spacers, supply and placing of concrete, vibrating, steel reinforcement shaping and fixing, curing, steel reinforcement, and supply and cast the required concrete, using mechanical vibrators, curing, testing steel reinforcement and concrete, and all other requirements and workmanship as per specifications, drawings and engineers instructions. The contractor has to submit shop drawings for approval prior to work."]
[null,"Vibrated reinforced concrete 1:1:2 (C25) in:-"]
[3.1,"Construct of rubble stone masonry wall with motar in the ratio 1:4 of cement and sand","sq.m",{"$f":"90+44.5+26.1+11.5188+4.617","v":{"v":176.73579999999998,"d":"176.74"}}]
[null,"Walling"]
["Total Bill No.3 (Carried to Summary)",{"$nulls":4},{"$f":"SUM(F33:F34)","v":0}]
["BILL NO 4 FINISHES"]
["All works must be according to specification and engineer instructions. Rates shall include :  \n1-Supply of all needed materials, including galvanized angles for the corners  as well as the use of   galvanized wire mesh  between concrete \n2-Sand and the work  includes removal of  wires and  nails and cleaning of surfaces to be ready for plastering .This should be done prior to commencement of plastering and after obtaining a written approval from the supervision engineer.\n3-Contractor shall take into consideration that all – direct and indirect works and expenses required for the completion of the coming items are included in the unit price.4-Curing with water for at least three days for each coat.\n5-Price of plastering shall include all required materials and works, mixing, scaffolds, cleaning the site, required equipment and workmanship to complete the work according to specifications and directions of the engineer                                                                        \n6- Price of tiling works shall include supply of all materials, mixing the cement paste, cutting the tiles to the required shapes and dimensions, cleaning the site ,required equipment & workmanship to complete the work according to specifications and directions of the engineer."]
[null," Floors ,walls finishes"]
[4.1,"Supply all materials and screed 25mm thick cement sand screed 1:2 steel backing ","sq.m",{"$f":"(10*6*2)+(5*8*2)+(3*2*4)+(10*5)+(3*2)","v":{"v":280,"d":"280.00"}}]
[4.2,"Provide and install alluminium ladder, two access manhole as per detailed in the drawing and as per Engineers specifications","sq.m",{"v":1,"d":"1.00"}]
[]
["Total Bill No.4 (Carried to Summary)",{"$nulls":4},{"$f":"SUM(F40:F41)","v":0}]
["BILL NO 5 WATER PROOFING, ROOFING, PAINTING AND DECORATIONS"]
["Rates include: 1- Any painting materials must have a valid certificate confirming that the paint materials meet with  standard and specification , tested by approved local laboratory and have the final approved from the supervisor engineer.\n2- The surface must be dry and clean before painting.                            \n3- All painting works should provide the required coverage.\n4- All paint works must be according to specifications , drawings and supervisor engineer instructions. \n5- Contractor shall take into consideration that all – direct and indirect works and expenses required for the completion of the coming items are included in the unit price. \n6- Smoothen surfaces of existing plastering before the  Commencement paint using sand paper.     \n7- Price of painting shall include supply of all materials, cleaning the site, required equipment and workmanship to complete the work according to specifications and directions of the engineer.  "]
[5.1,"Prepare and apply three coats exterior long lasting water proofing or any other equal and approved paint to Rendered surfaces  ","sq.m",{"$f":"(10*6*2)+(5*8*2)+(3*2*4)","v":{"v":224,"d":"224.00"}}]
[5.2,"Provide 28 # CGI sheets with complete its wood work and fasica boardas per the drawings.","sq.m",67.62]
[5.3,"Prepare and apply three coats exterior pait as approved by the Site Engineer","sq.m",{"v":11.5188,"d":"11.52"}]
["Total Bill No.5 (Carried to Summary)",{"$nulls":4},{"$f":"SUM(F45:F47)","v":0}]
[]
["GRAND SUMMARY"]
[1,"EXCAVATION AND EARTHWORKS",{"$nulls":3},{"$f":"F16","v":0}]
[2,"SUBSTRUCTURE",{"$nulls":3},{"$f":"F29","v":0}]
[3,"SUPERSTRUCTURE ",{"$nulls":3},{"$f":"F35","v":0}]
[4,"FINISHES",{"$nulls":3},{"$f":"F42","v":0}]
[5,"WATER PROOFING, ROOFING, PAINTING AND DECORATIONS",{"$nulls":3},{"$f":"F48","v":0}]
[null,"GRAND TOTAL ",{"$nulls":3},{"$f":"SUM(F51:F55)","v":0}]

{"sheet":"BOQ ","index":6,"n_rows":43,"n_cols":6,"rows_kept":43,"merged":[[0,0,0,5],[1,0,1,5],[2,0,2,5],[3,0,3,5],[25,1,25,4],[36,1,36,5],[42,1,42,4]]}
[]
["Project : SOMJR 2024."]
["Area / Location: Ceel-afwayn-Sanaag regionl"]
["Bill of Quantity for Construction of Underground water Tank (Berked), 16m * 8m * 4.5m "]
["No","DESCRIPTION","UNIT","QTY","Rate in\nUS $","Total Amount\nUS $"]
["A","Earthwork (Excavation and backfilling)"]
[1,"Excavation of the main Berked champer with dimensions of ( 16*8*4.5mdeep) and cart away the surplus excavated materials to where directed by Taakulo Engineer.","M3",576]
[2,"Excavation of, Silt trap (3*3*3m), feeding channels and footing of columns(0.8*0.8*0.5m deep *11 colmn)","M3",30]
[3,"Supply and lay 20cm thick high quality hardcore, well compacted, watered and graded to contain sufficient small pieces to fill all voids for entire excaved area of Berked including silt trap and back fill area of footings.","M3",40]
[null,"Subtotal A"]
["B","Concrete works"]
[1,"Supply and cast 15cm thick RCC concrete slab in the main berket floor slab, silt trap floor and feeding channels with ratio 1:2:4, and Y12mm & Y10mm @25cm c/c in both ways. The mix proportions should well vibrated and cured minimum 7 days..","M3",{"v":20,"d":"20.00"}]
[2,"Supply and cast 11 (0.8m*0.8*0.2m) reinforced cement concrete footings of M15 concrete grade (1:2:4) and  Y12mm @ 20cm c./c for both ways.","M3",{"v":1.5,"d":"1.50"}]
[3,"Supply and cast 11 (0.4m*0.4m) reinforced cement concrete columns of M15 concrete grade (1:2:4) and 4Y14mm main reinforcement with R6mm links @ 25cm c/c.","M3",{"v":6.7,"d":"6.70"}]
[4,"Supply and cast  48m*(0.4m*0.2m) reinforced cement concrete beams of M15 (1:2:4) concrete grade and 4Y12mm main reinforcement with 6mm links @ 25cm c/c. N:B there is two main lintel beams as shown in drawing.","M3",{"v":7.7,"d":"7.70"}]
[null,"Subtotal B"]
["C","Masonry works"]
[1,"Construction of random rubble stone masonry wall of 40cm thick bedded and jointed with cement sand mortar of 1:4 proportions for the berkat walls of 5.2m in height, note= minimum 1.2m above the ground level.","M3",{"v":96,"d":"96.00"}]
[2,"Construct random rubble stone masonry stairs for the berkat with cement/sand mortar mix of 1:4 as per the drawings","M3",{"v":6,"d":"6.00"}]
[3,"Construction of random rubble stone masonry wall of 40cm thick bedded and jointed with cement sand mortar of 1:4 proportions for the silt trap and feeding channel walls of 1.5m in height,  minimum 1m above the ground level.","M3",{"v":12.6,"d":"12.60"}]
[null,"Subtotal C"]
["D","Waterproofing works"]
[1,"Apply 5cm thick cement/sand floor screed of (1:2 Mix) on the berkat floor slab, slit trap and feeding channels. Make sure to provide curved molding in corners and joints between wall and concrete base. This includes final cement slurry finish","m3",{"v":5,"d":"5.0"}]
[2,"Apply three coats of 60mm thick cement and sand plaster (1:2 mix) on the internal walls of the berket, silt trap and water channels. Make sure to provide curved molding in corners and joints between wall and concrete base. This includes final cement slurry finish","M2",{"v":270,"d":"270.00"}]
[null,"Subtotal D"]
["E","Roofing and miscellaneous works"]
[1,"Roofing as in design kingpost roof with pre painted CGI sheet 28 gauge. Tie beams and king post should not be less than (0.15mx0.05m) purling not less than (0.075mx0.05m), bracings and rafters not less than (0.1mx0.05m). Truss spacing should not be exceeded 2.5m.","M2",{"v":128,"d":"128.00"}]
[2,"Filling the berket with 30 cubic meter of water for curing and testing leackage of the berked.","M3",{"v":30,"d":"30.00"}]
[3,"Supply and fix iron door of 1.1 m by 1 m should be installed in the  inlet of the main underground water tank.1m*1.1m metal door, fabricated by fully welding 3cm*3cm SHC, 12mm diameter mesh and expanded metal wire mesh. Complete with hinges and lockable aldrop.","pcs",{"v":1,"d":"1.00"}]
[4,"Provision of stone and rubbish trap made of 8mm bars of 3cm/cc welded with iron bar frame of 1m by 0.5m size of 10mm iron bar should be installed in front of the silt trap.","pcs",{"v":1,"d":"1.00"}]
[5,"Supply and install water abstraction wooden doors  on the two sides (0.6m X0.6M) with standing platform for lifting the water and metal frame door as instructed by the engineer.","pcs",{"v":2,"d":"2.00"}]
[6,"Supply and fix 12 Guage barbed wire strips at 30cm spacing and fixe U-shaped 12mm iron bar embeded in to the siltrap wall to cover the siltrap for protection.","Lum",{"v":1,"d":"1.00"}]
[7,"Construction animal trought Of 2.5mx0.6m*0.3m high beside the Berked out side of fence and connect drain channel from abstraction platform -to Animal trought.","Lum",{"v":1,"d":"1.00"}]
[8,"supply and install hand water pumb on the Barked,","pcs",{"v":1,"d":"1.00"}]
[9,"Supply and erect the visibility signboard as instructed by the\nEngineer.","pcs",{"v":1,"d":"1.00"}]
[null,"Subtotal E"]
["F","Construction of Mesh Fence around the Berket  (14mx24m)"]
[1,"Supply and fix  angluar metalic bars (50mmx50mmx5mm)  for fence post with spacing of 2.5m c/c, and 2.5m height (2m above the ground level and 0.5m under the ground level). ","No",40]
[2,"Supply and install galvanised  Chain link Wire mesh     (Gabion wire mesh) fence, Mesh opening 50mmx50mm, wire dai : 2mm, length= 20m , height: 2m each roll. Supply and fix 3 Line of Berber wire around the fence.","Rolls",5]
[3,"Excavation of footing trenches and pouring Concrete to the footing for the angle bars having dimensions of (0.3x0.3x0.5)m. Each footing will be installed  5cm of galvonized wire mesh together with angular bar to hold on the ground rigidly.  ","cu.m",1.8]
[4,"Supply and fix lockable double gate made of steel frame and weld mesh fill 3m wide 2m hght. The gate has to be fixed on concrete column which has a dimension of (0.4mx0.4mx3m)","pcs",1]
[null,"Sub total  F"]
[null,"Grand Total Amount "]

{"sheet":"UWT-BAQADABAAL","index":7,"n_rows":56,"n_cols":6,"rows_kept":56,"hidden":true,"merged":[[6,0,6,5],[7,0,7,4],[9,0,9,4],[15,0,15,2],[16,0,16,4],[17,0,17,5],[28,0,28,2],[29,0,29,4],[30,0,30,5],[34,0,34,2],[35,0,35,4],[36,0,36,5],[41,0,41,2],[42,0,42,4],[43,0,43,5],[47,0,47,2],[48,0,48,5],[49,0,49,4]]}
[]
[null,"Concern Worldwide"]
[null,"Bill of Quantities"]
[null,"Construction of 200CM Underground Water Tank"]
[null,"BAQADABAAL Village, Gabiley Region"]
[]
["Notes: The contractor is reminded to visit the site before filling the Request for quotation  to ascertain the extent of the conditions of site.  All quantified works in the Request for quotation are provisional and payment shall be  made based on the actual work executed at the site and agreed upon by all parties. The contractor is advised to constantly seek the  Engineer instructions at each phase of the work and if required, before filling the Request for quotation. All unit rate shall be deemed to include all elements of supplying and construction work that is labour and other overheads eg security, profit and overheads, cost of materials, wastages, transport etc."]
["BILL NO 1 PRELIMINARY WORKS"]
["ITEM","DESCRIPTION","UNIT","QUANTITY ","RATE (usd)","AMOUNT (usd)"]
["BILL NO 1 EXCAVATION AND EARTHWORKS"]
[1.1,"Excavation of foundation trench of 800mm wide and 250mm deep and foudation column pit of 250mm deep in normal soil to be approved by site Engineer","cum",{"$f":"0.6+6.96+2.96","v":10.52}]
[1.2,"Supply all materials and cast 50mm concrete for blinding concrete ratio 1:4:8","cum",{"$f":"D11/0.25*0.05","v":{"v":2.104,"d":"2.10"}}]
[1.3,"Return fill in and ram excavated material around foundations as directed by Engineer on site","cum",{"$f":"D11*0.5","v":5.26}]
[1.4,"Cart-away surplus excavated materials to where directed by Engineer","cum",{"$f":"D11-D13","v":5.26}]
[1.5,"Allow for keeping excavations free from undergroung, or storm water","item",{"v":1,"d":"1.00"}]
["Total Bill No.1(Carried to Summary)",{"$nulls":4},{"$f":"SUM(F11:F15)","v":0}]
["BILL NO 2 SUBSTRUCTURE WORKS"]
["The following items include supply and cast of concrete, shuttering, tie rods, spacers, supply and placing of concrete, vibrating, steel reinforcement shaping and fixing, curing, steel reinforcement, and supply and cast the required concrete, using mechanical vibrators, curing, testing steel reinforcement and concrete, and all other requirements and workmanship as per specifications, drawings and engineers instructions. "]
[null,"Concrete works"]
[null,"Vibrated reinforced concrete 1:1:2 to:-"]
[2.1,"Supply all materials and cast 250mm ground beam and column base","cum",{"$f":"D11/0.25*0.2","v":{"v":8.416,"d":"8.42"}}]
[{"$f":"A21+0.1","v":2.2},"Supply all materials and cast 400mmx400mm and 400mmx200mm columns according to structural drawings upon approval by Site Engineer","cum",{"$f":"(0.4*0.4*4*5.3)+(0.4*0.2*8*5.3)","v":{"v":6.784000000000001,"d":"6.78"}}]
[2.3,"Supply all materials and cast 400mmx400mm, 450mmx400mm and 400mmx400mm beams according to structural drawings upon approval by Site Engineer","cum",{"$f":"((0.4*0.4)+(0.4*0.45)+(0.4*0.4))*33.2","v":{"v":16.600000000000005,"d":"16.600"}}]
[2.4,"Supply all materials and cast 10000mmx5000mm floor with a thickness of 150mm according to structural drawings upon approval by Site Engineer","cum",{"$f":"(10*5*0.15)+(6.216+0.65)","v":14.366}]
[null,"Reinforcement details"]
[2.5,"Supply and fix strip steel reinforcement round bars to B.s 4449 including all cutting to size, binding wire and spacer blocks in strip to be placed according to the structural drawings provided or as advised by Structural Site Engineer","kg",{"v":2372.020428,"d":"2,372.02"}]
[null,"Sawnform work to:-"]
[2.6,"Supply and fix formwork for sides of stub columns, strip footing formworks and edges of base columns","sq.m",{"$f":"(6*0.4*4*12)+(0.25*1*1*12)","v":{"v":118.20000000000002,"d":"118.20"}}]
["Total Bill No.2 (Carried to Summary)",{"$nulls":4},{"$f":"SUM(F19:F28)","v":0}]
["BILL NO 3 WALLING  WORKS"]
["1- Supplying , placing, workmanship, mortar, scaffolds, and all other required materials, equipment and tools to complete the work according to specifications and directions of supervisor engineer. \n2 -Contractor to provide samples for approval and all the required tests.                                        \n3-The following items include supply and cast of concrete, shuttering, tie rods, spacers, supply and placing of concrete, vibrating, steel reinforcement shaping and fixing, curing, steel reinforcement, and supply and cast the required concrete, using mechanical vibrators, curing, testing steel reinforcement and concrete, and all other requirements and workmanship as per specifications, drawings and engineers instructions. The contractor has to submit shop drawings for approval prior to work."]
[null,"Vibrated reinforced concrete 1:1:2 (C25) in:-"]
[3.1,"Construct of rubble stone masonry wall with motar in the ratio 1:4 of cement and sand","sq.m",{"$f":"90+44.5+26.1+11.5188+4.617","v":{"v":176.73579999999998,"d":"176.74"}}]
[null,"Walling"]
["Total Bill No.3 (Carried to Summary)",{"$nulls":4},{"$f":"SUM(F33:F34)","v":0}]
["BILL NO 4 FINISHES"]
["All works must be according to specification and engineer instructions. Rates shall include :  \n1-Supply of all needed materials, including galvanized angles for the corners  as well as the use of   galvanized wire mesh  between concrete \n2-Sand and the work  includes removal of  wires and  nails and cleaning of surfaces to be ready for plastering .This should be done prior to commencement of plastering and after obtaining a written approval from the supervision engineer.\n3-Contractor shall take into consideration that all – direct and indirect works and expenses required for the completion of the coming items are included in the unit price.4-Curing with water for at least three days for each coat.\n5-Price of plastering shall include all required materials and works, mixing, scaffolds, cleaning the site, required equipment and workmanship to complete the work according to specifications and directions of the engineer                                                                        \n6- Price of tiling works shall include supply of all materials, mixing the cement paste, cutting the tiles to the required shapes and dimensions, cleaning the site ,required equipment & workmanship to complete the work according to specifications and directions of the engineer."]
[null," Floors ,walls finishes"]
[4.1,"Supply all materials and screed 25mm thick cement sand screed 1:2 steel backing ","sq.m",{"$f":"(10*6*2)+(5*8*2)+(3*2*4)+(10*5)+(3*2)","v":{"v":280,"d":"280.00"}}]
[4.2,"Provide and install alluminium ladder, two access manhole as per detailed in the drawing and as per Engineers specifications","sq.m",{"v":1,"d":"1.00"}]
[]
["Total Bill No.4 (Carried to Summary)",{"$nulls":4},{"$f":"SUM(F40:F41)","v":0}]
["BILL NO 5 WATER PROOFING, ROOFING, PAINTING AND DECORATIONS"]
["Rates include: 1- Any painting materials must have a valid certificate confirming that the paint materials meet with  standard and specification , tested by approved local laboratory and have the final approved from the supervisor engineer.\n2- The surface must be dry and clean before painting.                            \n3- All painting works should provide the required coverage.\n4- All paint works must be according to specifications , drawings and supervisor engineer instructions. \n5- Contractor shall take into consideration that all – direct and indirect works and expenses required for the completion of the coming items are included in the unit price. \n6- Smoothen surfaces of existing plastering before the  Commencement paint using sand paper.     \n7- Price of painting shall include supply of all materials, cleaning the site, required equipment and workmanship to complete the work according to specifications and directions of the engineer.  "]
[5.1,"Prepare and apply three coats exterior long lasting water proofing or any other equal and approved paint to Rendered surfaces  ","sq.m",{"$f":"(10*6*2)+(5*8*2)+(3*2*4)","v":{"v":224,"d":"224.00"}}]
[5.2,"Provide 28 # CGI sheets with complete its wood work and fasica boardas per the drawings.","sq.m",67.62]
[5.3,"Prepare and apply three coats exterior pait as approved by the Site Engineer","sq.m",{"v":11.5188,"d":"11.52"}]
["Total Bill No.5 (Carried to Summary)",{"$nulls":4},{"$f":"SUM(F45:F47)","v":0}]
[]
["GRAND SUMMARY"]
[1,"EXCAVATION AND EARTHWORKS",{"$nulls":3},{"$f":"F16","v":0}]
[2,"SUBSTRUCTURE",{"$nulls":3},{"$f":"F29","v":0}]
[3,"SUPERSTRUCTURE ",{"$nulls":3},{"$f":"F35","v":0}]
[4,"FINISHES",{"$nulls":3},{"$f":"F42","v":0}]
[5,"WATER PROOFING, ROOFING, PAINTING AND DECORATIONS",{"$nulls":3},{"$f":"F48","v":0}]
[null,"GRAND TOTAL ",{"$nulls":3},{"$f":"SUM(F51:F55)","v":0}]

{"sheet":"UWT-WAXARAWALIS (2)","index":8,"n_rows":56,"n_cols":6,"rows_kept":56,"hidden":true,"merged":[[6,0,6,5],[7,0,7,4],[9,0,9,4],[15,0,15,2],[16,0,16,4],[17,0,17,5],[28,0,28,2],[29,0,29,4],[30,0,30,5],[34,0,34,2],[35,0,35,4],[36,0,36,5],[41,0,41,2],[42,0,42,4],[43,0,43,5],[47,0,47,2],[48,0,48,5],[49,0,49,4]]}
[]
[null,"Concern Worldwide"]
[null,"Bill of Quantities"]
[null,"Construction of 200CM Underground Water Tank"]
[null,"WAXARAWALIS Village, Awdal Region"]
[]
["Notes: The contractor is reminded to visit the site before filling the Request for quotation  to ascertain the extent of the conditions of site.  All quantified works in the Request for quotation are provisional and payment shall be  made based on the actual work executed at the site and agreed upon by all parties. The contractor is advised to constantly seek the  Engineer instructions at each phase of the work and if required, before filling the Request for quotation. All unit rate shall be deemed to include all elements of supplying and construction work that is labour and other overheads eg security, profit and overheads, cost of materials, wastages, transport etc."]
["BILL NO 1 PRELIMINARY WORKS"]
["ITEM","DESCRIPTION","UNIT","QUANTITY ","RATE (usd)","AMOUNT (usd)"]
["BILL NO 1 EXCAVATION AND EARTHWORKS"]
[1.1,"Excavation of foundation trench of 800mm wide and 250mm deep and foudation column pit of 250mm deep in normal soil to be approved by site Engineer","cum",{"$f":"0.6+6.96+2.96","v":10.52}]
[1.2,"Supply all materials and cast 50mm concrete for blinding concrete ratio 1:4:8","cum",{"$f":"D11/0.25*0.05","v":{"v":2.104,"d":"2.10"}}]
[1.3,"Return fill in and ram excavated material around foundations as directed by Engineer on site","cum",{"$f":"D11*0.5","v":5.26}]
[1.4,"Cart-away surplus excavated materials to where directed by Engineer","cum",{"$f":"D11-D13","v":5.26}]
[1.5,"Allow for keeping excavations free from undergroung, or storm water","item",{"v":1,"d":"1.00"}]
["Total Bill No.1(Carried to Summary)",{"$nulls":4},{"$f":"SUM(F11:F15)","v":0}]
["BILL NO 2 SUBSTRUCTURE WORKS"]
["The following items include supply and cast of concrete, shuttering, tie rods, spacers, supply and placing of concrete, vibrating, steel reinforcement shaping and fixing, curing, steel reinforcement, and supply and cast the required concrete, using mechanical vibrators, curing, testing steel reinforcement and concrete, and all other requirements and workmanship as per specifications, drawings and engineers instructions. "]
[null,"Concrete works"]
[null,"Vibrated reinforced concrete 1:1:2 to:-"]
[2.1,"Supply all materials and cast 250mm ground beam and column base","cum",{"$f":"D11/0.25*0.2","v":{"v":8.416,"d":"8.42"}}]
[{"$f":"A21+0.1","v":2.2},"Supply all materials and cast 400mmx400mm and 400mmx200mm columns according to structural drawings upon approval by Site Engineer","cum",{"$f":"(0.4*0.4*4*5.3)+(0.4*0.2*8*5.3)","v":{"v":6.784000000000001,"d":"6.78"}}]
[2.3,"Supply all materials and cast 400mmx400mm, 450mmx400mm and 400mmx400mm beams according to structural drawings upon approval by Site Engineer","cum",{"$f":"((0.4*0.4)+(0.4*0.45)+(0.4*0.4))*33.2","v":{"v":16.600000000000005,"d":"16.600"}}]
[2.4,"Supply all materials and cast 10000mmx5000mm floor with a thickness of 150mm according to structural drawings upon approval by Site Engineer","cum",{"$f":"(10*5*0.15)+(6.216+0.65)","v":14.366}]
[null,"Reinforcement details"]
[2.5,"Supply and fix strip steel reinforcement round bars to B.s 4449 including all cutting to size, binding wire and spacer blocks in strip to be placed according to the structural drawings provided or as advised by Structural Site Engineer","kg",{"v":2372.020428,"d":"2,372.02"}]
[null,"Sawnform work to:-"]
[2.6,"Supply and fix formwork for sides of stub columns, strip footing formworks and edges of base columns","sq.m",{"$f":"(6*0.4*4*12)+(0.25*1*1*12)","v":{"v":118.20000000000002,"d":"118.20"}}]
["Total Bill No.2 (Carried to Summary)",{"$nulls":4},{"$f":"SUM(F19:F28)","v":0}]
["BILL NO 3 WALLING  WORKS"]
["1- Supplying , placing, workmanship, mortar, scaffolds, and all other required materials, equipment and tools to complete the work according to specifications and directions of supervisor engineer. \n2 -Contractor to provide samples for approval and all the required tests.                                        \n3-The following items include supply and cast of concrete, shuttering, tie rods, spacers, supply and placing of concrete, vibrating, steel reinforcement shaping and fixing, curing, steel reinforcement, and supply and cast the required concrete, using mechanical vibrators, curing, testing steel reinforcement and concrete, and all other requirements and workmanship as per specifications, drawings and engineers instructions. The contractor has to submit shop drawings for approval prior to work."]
[null,"Vibrated reinforced concrete 1:1:2 (C25) in:-"]
[3.1,"Construct of rubble stone masonry wall with motar in the ratio 1:4 of cement and sand","sq.m",{"$f":"90+44.5+26.1+11.5188+4.617","v":{"v":176.73579999999998,"d":"176.74"}}]
[null,"Walling"]
["Total Bill No.3 (Carried to Summary)",{"$nulls":4},{"$f":"SUM(F33:F34)","v":0}]
["BILL NO 4 FINISHES"]
["All works must be according to specification and engineer instructions. Rates shall include :  \n1-Supply of all needed materials, including galvanized angles for the corners  as well as the use of   galvanized wire mesh  between concrete \n2-Sand and the work  includes removal of  wires and  nails and cleaning of surfaces to be ready for plastering .This should be done prior to commencement of plastering and after obtaining a written approval from the supervision engineer.\n3-Contractor shall take into consideration that all – direct and indirect works and expenses required for the completion of the coming items are included in the unit price.4-Curing with water for at least three days for each coat.\n5-Price of plastering shall include all required materials and works, mixing, scaffolds, cleaning the site, required equipment and workmanship to complete the work according to specifications and directions of the engineer                                                                        \n6- Price of tiling works shall include supply of all materials, mixing the cement paste, cutting the tiles to the required shapes and dimensions, cleaning the site ,required equipment & workmanship to complete the work according to specifications and directions of the engineer."]
[null," Floors ,walls finishes"]
[4.1,"Supply all materials and screed 25mm thick cement sand screed 1:2 steel backing ","sq.m",{"$f":"(10*6*2)+(5*8*2)+(3*2*4)+(10*5)+(3*2)","v":{"v":280,"d":"280.00"}}]
[4.2,"Provide and install alluminium ladder, two access manhole as per detailed in the drawing and as per Engineers specifications","sq.m",{"v":1,"d":"1.00"}]
[]
["Total Bill No.4 (Carried to Summary)",{"$nulls":4},{"$f":"SUM(F40:F41)","v":0}]
["BILL NO 5 WATER PROOFING, ROOFING, PAINTING AND DECORATIONS"]
["Rates include: 1- Any painting materials must have a valid certificate confirming that the paint materials meet with  standard and specification , tested by approved local laboratory and have the final approved from the supervisor engineer.\n2- The surface must be dry and clean before painting.                            \n3- All painting works should provide the required coverage.\n4- All paint works must be according to specifications , drawings and supervisor engineer instructions. \n5- Contractor shall take into consideration that all – direct and indirect works and expenses required for the completion of the coming items are included in the unit price. \n6- Smoothen surfaces of existing plastering before the  Commencement paint using sand paper.     \n7- Price of painting shall include supply of all materials, cleaning the site, required equipment and workmanship to complete the work according to specifications and directions of the engineer.  "]
[5.1,"Prepare and apply three coats exterior long lasting water proofing or any other equal and approved paint to Rendered surfaces  ","sq.m",{"$f":"(10*6*2)+(5*8*2)+(3*2*4)","v":{"v":224,"d":"224.00"}}]
[5.2,"Provide 28 # CGI sheets with complete its wood work and fasica boardas per the drawings.","sq.m",67.62]
[5.3,"Prepare and apply three coats exterior pait as approved by the Site Engineer","sq.m",{"v":11.5188,"d":"11.52"}]
["Total Bill No.5 (Carried to Summary)",{"$nulls":4},{"$f":"SUM(F45:F47)","v":0}]
[]
["GRAND SUMMARY"]
[1,"EXCAVATION AND EARTHWORKS",{"$nulls":3},{"$f":"F16","v":0}]
[2,"SUBSTRUCTURE",{"$nulls":3},{"$f":"F29","v":0}]
[3,"SUPERSTRUCTURE ",{"$nulls":3},{"$f":"F35","v":0}]
[4,"FINISHES",{"$nulls":3},{"$f":"F42","v":0}]
[5,"WATER PROOFING, ROOFING, PAINTING AND DECORATIONS",{"$nulls":3},{"$f":"F48","v":0}]
[null,"GRAND TOTAL ",{"$nulls":3},{"$f":"SUM(F51:F55)","v":0}]

{"sheet":"UWT-WAXARAWALIS","index":9,"n_rows":61,"n_cols":6,"rows_kept":61,"hidden":true,"merged":[[6,0,6,5],[7,0,7,4],[9,0,9,4],[15,0,15,2],[16,0,16,4],[17,0,17,5],[28,0,28,2],[29,0,29,4],[30,0,30,5],[34,0,34,2],[35,0,35,4],[36,0,36,5],[41,0,41,2],[42,0,42,4],[43,0,43,5],[46,0,46,2],[47,0,47,5],[48,0,48,4]]}
[]
[null,"Concern Worldwide"]
[null,"Bill of Quantities"]
[null,"Construction of 200CM Underground Water Tank"]
[null,"WAXARAWALIS Village, Awdal Region"]
[]
["Notes: The contractor is reminded to visit the site before filling the Request for quotation  to ascertain the extent of the conditions of site.  All quantified works in the Request for quotation are provisional and payment shall be  made based on the actual work executed at the site and agreed upon by all parties. The contractor is advised to constantly seek the  Engineer instructions at each phase of the work and if required, before filling the Request for quotation. All unit rate shall be deemed to include all elements of supplying and construction work that is labour and other overheads eg security, profit and overheads, cost of materials, wastages, transport etc."]
["BILL NO 1 PRELIMINARY WORKS"]
["ITEM","DESCRIPTION","UNIT","QUANTITY ","RATE (usd)","AMOUNT (usd)"]
["BILL NO 1 EXCAVATION AND EARTHWORKS"]
[1.1,"Excavation of foundation trench of 800mm wide and 250mm deep and foudation column pit of 250mm deep in normal soil to be approved by site Engineer","cum",{"$f":"0.6+6.96+2.96","v":10.52},{"v":5,"d":"5.00"},{"$f":"D11*E11","v":{"v":52.599999999999994,"d":"52.60"}}]
[1.2,"Supply all materials and cast 50mm concrete for blinding concrete ratio 1:4:8","cum",{"$f":"D11/0.25*0.05","v":{"v":2.104,"d":"2.10"}},{"v":125,"d":"125.00"},{"$f":"D12*E12","v":{"v":263,"d":"263.00"}}]
[1.3,"Return fill in and ram excavated material around foundations as directed by Engineer on site","cum",{"$f":"D11*0.5","v":5.26},{"v":6,"d":"6.00"},{"$f":"D13*E13","v":31.56}]
[1.4,"Cart-away surplus excavated materials to where directed by Engineer","cum",{"$f":"D11-D13","v":5.26},{"v":8,"d":"8.00"},{"$f":"D14*E14","v":42.08}]
[1.5,"Allow for keeping excavations free from undergroung, or storm water","item",{"v":1,"d":"1.00"},{"v":120,"d":"120.00"},{"$f":"D15*E15","v":{"v":120,"d":"120.00"}}]
["Total Bill No.1(Carried to Summary)",{"$nulls":4},{"$f":"SUM(F11:F15)","v":509.24}]
["BILL NO 2 SUBSTRUCTURE WORKS"]
["The following items include supply and cast of concrete, shuttering, tie rods, spacers, supply and placing of concrete, vibrating, steel reinforcement shaping and fixing, curing, steel reinforcement, and supply and cast the required concrete, using mechanical vibrators, curing, testing steel reinforcement and concrete, and all other requirements and workmanship as per specifications, drawings and engineers instructions. "]
[null,"Concrete works"]
[null,"Vibrated reinforced concrete 1:1:2 to:-"]
[2.1,"Supply all materials and cast 250mm ground beam and column base","cum",{"$f":"D11/0.25*0.2","v":{"v":8.416,"d":"8.42"}},{"v":280,"d":"280.00"},{"$f":"D21*E21","v":{"v":2356.48,"d":"2,356.48"}}]
[{"$f":"A21+0.1","v":2.2},"Supply all materials and cast 400mmx400mm and 400mmx200mm columns according to structural drawings upon approval by Site Engineer","cum",{"$f":"(0.4*0.4*4*5.3)+(0.4*0.2*8*5.3)","v":{"v":6.784000000000001,"d":"6.78"}},{"v":280,"d":"280.00"},{"v":1899.5200000000002,"d":"1,899.52"}]
[2.3,"Supply all materials and cast 400mmx400mm, 450mmx400mm and 400mmx400mm beams according to structural drawings upon approval by Site Engineer","cum",{"$f":"((0.4*0.4)+(0.4*0.45)+(0.4*0.4))*33.2","v":{"v":16.600000000000005,"d":"16.600"}},{"v":65,"d":"65.00"},{"v":1079.0000000000002,"d":"1,079.00"}]
[2.4,"Supply all materials and cast 10000mmx5000mm floor with a thickness of 150mm according to structural drawings upon approval by Site Engineer","cum",{"$f":"(10*5*0.15)+(6.216+0.65)","v":14.366},{"v":60,"d":"60.00"},861.96]
[null,"Reinforcement details"]
[2.5,"Supply and fix strip steel reinforcement round bars to B.s 4449 including all cutting to size, binding wire and spacer blocks in strip to be placed according to the structural drawings provided or as advised by Structural Site Engineer","kg",{"v":2372.020428,"d":"2,372.02"},{"v":1,"d":"1.00"},{"v":2372.020428,"d":"2,372.02"}]
[null,"Sawnform work to:-"]
[2.6,"Supply and fix formwork for sides of stub columns, strip footing formworks and edges of base columns","sq.m",{"$f":"(6*0.4*4*12)+(0.25*1*1*12)","v":{"v":118.20000000000002,"d":"118.20"}},{"v":2,"d":"2.00"},{"v":236.40000000000003,"d":"236.40"}]
["Total Bill No.2 (Carried to Summary)",{"$nulls":4},{"$f":"SUM(F19:F28)","v":{"v":8805.380427999999,"d":"8,805.38"}}]
["BILL NO 3 WALLING  WORKS"]
["1- Supplying , placing, workmanship, mortar, scaffolds, and all other required materials, equipment and tools to complete the work according to specifications and directions of supervisor engineer. \n2 -Contractor to provide samples for approval and all the required tests.                                        \n3-The following items include supply and cast of concrete, shuttering, tie rods, spacers, supply and placing of concrete, vibrating, steel reinforcement shaping and fixing, curing, steel reinforcement, and supply and cast the required concrete, using mechanical vibrators, curing, testing steel reinforcement and concrete, and all other requirements and workmanship as per specifications, drawings and engineers instructions. The contractor has to submit shop drawings for approval prior to work."]
[null,"Vibrated reinforced concrete 1:1:2 (C25) in:-"]
[3.1,"Construct of rubble stone masonry wall with motar in the ratio 1:4 of cement and sand","sq.m",{"$f":"90+44.5+26.1+11.5188+4.617","v":{"v":176.73579999999998,"d":"176.74"}},{"v":40,"d":"40.00"},{"$f":"D33*E33","v":{"v":7069.431999999999,"d":"7,069.43"}}]
[null,"Walling"]
["Total Bill No.3 (Carried to Summary)",{"$nulls":4},{"$f":"SUM(F33:F34)","v":{"v":7069.431999999999,"d":"7,069.43"}}]
["BILL NO 4 FINISHES"]
["All works must be according to specification and engineer instructions. Rates shall include :  \n1-Supply of all needed materials, including galvanized angles for the corners  as well as the use of   galvanized wire mesh  between concrete \n2-Sand and the work  includes removal of  wires and  nails and cleaning of surfaces to be ready for plastering .This should be done prior to commencement of plastering and after obtaining a written approval from the supervision engineer.\n3-Contractor shall take into consideration that all – direct and indirect works and expenses required for the completion of the coming items are included in the unit price.4-Curing with water for at least three days for each coat.\n5-Price of plastering shall include all required materials and works, mixing, scaffolds, cleaning the site, required equipment and workmanship to complete the work according to specifications and directions of the engineer                                                                        \n6- Price of tiling works shall include supply of all materials, mixing the cement paste, cutting the tiles to the required shapes and dimensions, cleaning the site ,required equipment & workmanship to complete the work according to specifications and directions of the engineer."]
[null," Floors ,walls finishes"]
[4.1,"Supply all materials and screed 25mm thick cement sand screed 1:2 steel backing ","sq.m",{"$f":"(10*6*2)+(5*8*2)+(3*2*4)+(10*5)+(3*2)","v":{"v":280,"d":"280.00"}},{"v":5,"d":"5.00"},{"$f":"D39*E39","v":{"v":1400,"d":"1,400.00"}}]
[4.2,"Provide and install alluminium ladder, two access manhole as per detailed in the drawing and as per Engineers specifications","sq.m",{"v":1,"d":"1.00"},{"v":800,"d":"800.00"},{"$f":"D40*E40","v":{"v":800,"d":"800.00"}}]
[]
["Total Bill No.4 (Carried to Summary)",{"$nulls":4},{"$f":"SUM(F40:F41)","v":{"v":800,"d":"800.00"}}]
["BILL NO 5 WATER PROOFING, ROOFING, PAINTING AND DECORATIONS"]
["Rates include: 1- Any painting materials must have a valid certificate confirming that the paint materials meet with  standard and specification , tested by approved local laboratory and have the final approved from the supervisor engineer.\n2- The surface must be dry and clean before painting.                            \n3- All painting works should provide the required coverage.\n4- All paint works must be according to specifications , drawings and supervisor engineer instructions. \n5- Contractor shall take into consideration that all – direct and indirect works and expenses required for the completion of the coming items are included in the unit price. \n6- Smoothen surfaces of existing plastering before the  Commencement paint using sand paper.     \n7- Price of painting shall include supply of all materials, cleaning the site, required equipment and workmanship to complete the work according to specifications and directions of the engineer.  "]
[5.1,"Prepare and apply three coats exterior long lasting water proofing or any other equal and approved paint to Rendered surfaces  ","sq.m",{"$f":"(10*6*2)+(5*8*2)+(3*2*4)","v":{"v":224,"d":"224.00"}},{"v":6,"d":"6.00"},{"$f":"D45*E45","v":{"v":1344,"d":"1,344.00"}}]
[5.2,"Provide 28 # CGI sheets with complete its wood work as per the drawings. The roof is pitched not flat.","sq.m",67.62,{"v":4,"d":"4.00"},{"$f":"D46*E46","v":270.48}]
["Total Bill No.5 (Carried to Summary)",{"$nulls":4},{"$f":"SUM(F45:F46)","v":{"v":1614.48,"d":"1,614.48"}}]
[]
["GRAND SUMMARY"]
[1,"EXCAVATION AND EARTHWORKS",{"$nulls":3},{"$f":"F16","v":509.24}]
[2,"SUBSTRUCTURE",{"$nulls":3},{"$f":"F29","v":{"v":8805.380427999999,"d":"8,805.38"}}]
[3,"SUPERSTRUCTURE ",{"$nulls":3},{"$f":"F35","v":{"v":7069.431999999999,"d":"7,069.43"}}]
[4,"FINISHES",{"$nulls":3},{"$f":"F42","v":{"v":800,"d":"800.00"}}]
[5,"WATER PROOFING, ROOFING, PAINTING AND DECORATIONS",{"$nulls":3},{"$f":"F47","v":{"v":1614.48,"d":"1,614.48"}}]
[null,"GRAND TOTAL ",{"$nulls":3},{"$f":"SUM(F50:F54)","v":{"v":18798.532427999995,"d":"18,798.53"}}]
[]
[null,"NAME:"]
[]
[null,"DATE:"]
[]
[null,"SIGNATURE:"]

{"sheet":"UWT","index":10,"n_rows":58,"n_cols":6,"rows_kept":58,"hidden":true,"merged":[[2,0,2,5],[3,0,3,5],[4,0,4,4],[6,0,6,4],[12,0,12,2],[13,0,13,4],[14,0,14,5],[25,0,25,2],[26,0,26,4],[27,0,27,5],[31,0,31,2],[32,0,32,4],[33,0,33,5],[38,0,38,2],[39,0,39,4],[40,0,40,5],[43,0,43,2],[44,0,44,5],[45,0,45,4]]}
[]
[]
["BILL OF QUANTITY FOR CONSTRUCTION OF UNDERGROUND WATER TANK 200CUBIC METERS"]
["Notes: The contractor is reminded to visit the site before filling the Request for quotation  to ascertain the extent of the conditions of site.  All quantified works in the Request for quotation are provisional and payment shall be  made based on the actual work executed at the site and agreed upon by all parties. The contractor is advised to constantly seek the  Engineer instructions at each phase of the work and if required, before filling the Request for quotation. All unit rate shall be deemed to include all elements of supplying and construction work that is labour and other overheads eg security, profit and overheads, cost of materials, wastages, transport etc."]
["BILL NO 1 PRELIMINARY WORKS"]
["ITEM","DESCRIPTION","UNIT","QUANTITY ","RATE (usd)","AMOUNT (usd)"]
["BILL NO 1 EXCAVATION AND EARTHWORKS"]
[1.1,"Excavation of foundation trench of 800mm wide and 250mm deep and foudation column pit of 250mm deep in normal soil to be approved by site Engineer","cum",{"$f":"0.6+6.96+2.96","v":10.52},{"v":5,"d":"5.00"},{"$f":"D8*E8","v":{"v":52.599999999999994,"d":"52.60"}}]
[1.2,"Supply all materials and cast 50mm concrete for blinding concrete ratio 1:4:8","cum",{"$f":"D8/0.25*0.05","v":{"v":2.104,"d":"2.10"}},{"v":125,"d":"125.00"},{"$f":"D9*E9","v":{"v":263,"d":"263.00"}}]
[1.3,"Return fill in and ram excavated material around foundations as directed by Engineer on site","cum",{"$f":"D8*0.5","v":5.26},{"v":6,"d":"6.00"},{"$f":"D10*E10","v":31.56}]
[1.4,"Cart-away surplus excavated materials to where directed by Engineer","cum",{"$f":"D8-D10","v":5.26},{"v":8,"d":"8.00"},{"$f":"D11*E11","v":42.08}]
[1.5,"Allow for keeping excavations free from undergroung, or storm water","item",{"v":1,"d":"1.00"},{"v":120,"d":"120.00"},{"$f":"D12*E12","v":{"v":120,"d":"120.00"}}]
["Total Bill No.1(Carried to Summary)",{"$nulls":4},{"$f":"SUM(F8:F12)","v":509.24}]
["BILL NO 2 SUBSTRUCTURE WORKS"]
["The following items include supply and cast of concrete, shuttering, tie rods, spacers, supply and placing of concrete, vibrating, steel reinforcement shaping and fixing, curing, steel reinforcement, and supply and cast the required concrete, using mechanical vibrators, curing, testing steel reinforcement and concrete, and all other requirements and workmanship as per specifications, drawings and engineers instructions. "]
[null,"Concrete works"]
[null,"Vibrated reinforced concrete 1:1:2 to:-"]
[2.1,"Supply all materials and cast 250mm ground beam and column base","cum",{"$f":"D8/0.25*0.2","v":{"v":8.416,"d":"8.42"}},{"v":280,"d":"280.00"},{"$f":"D18*E18","v":{"v":2356.48,"d":"2,356.48"}}]
[2.2,"Supply all materials and cast 400mmx400mm and 400mmx200mm columns according to structural drawings upon approval by Site Engineer","cum",{"$f":"(0.4*0.4*4*5.3)+(0.4*0.2*8*5.3)","v":{"v":6.784000000000001,"d":"6.78"}},{"v":280,"d":"280.00"},{"v":1899.5200000000002,"d":"1,899.52"}]
[2.3,"Supply all materials and cast 400mmx400mm, 450mmx400mm and 400mmx400mm beams according to structural drawings upon approval by Site Engineer","cum",{"$f":"((0.4*0.4)+(0.4*0.45)+(0.4*0.4))*33.2","v":{"v":16.600000000000005,"d":"16.600"}},{"v":65,"d":"65.00"},{"$f":"D20*E20","v":{"v":1079.0000000000002,"d":"1,079.00"}}]
[2.3,"Supply all materials and cast 10000mmx5000mm floor with a thickness of 150mm according to structural drawings upon approval by Site Engineer","cum",{"$f":"(10*5*0.15)+(6.216+0.65)","v":14.366},{"v":60,"d":"60.00"},861.96]
[null,"Reinforcement details"]
[2.4,"Supply and fix strip steel reinforcement round bars to B.s 4449 including all cutting to size, binding wire and spacer blocks in strip to be placed according to the structural drawings provided or as advised by Structural Site Engineer","kg",{"v":2372.020428,"d":"2,372.02"},{"v":1,"d":"1.00"},{"v":2372.020428,"d":"2,372.02"}]
[null,"Sawnform work to:-"]
[{"v":2.5,"d":"2.50"},"Supply and fix formwork for sides of stub columns, strip footing formworks and edges of base columns","sq.m",{"$f":"(6*0.4*4*12)+(0.25*1*1*12)","v":{"v":118.20000000000002,"d":"118.20"}},{"v":2,"d":"2.00"},{"v":236.40000000000003,"d":"236.40"}]
["Total Bill No.2 (Carried to Summary)",{"$nulls":4},{"$f":"SUM(F16:F25)","v":{"v":8805.380427999999,"d":"8,805.38"}}]
["BILL NO 3 WALLING  WORKS"]
["1- Supplying , placing, workmanship, mortar, scaffolds, and all other required materials, equipment and tools to complete the work according to specifications and directions of supervisor engineer. \n2 -Contractor to provide samples for approval and all the required tests.                                        \n3-The following items include supply and cast of concrete, shuttering, tie rods, spacers, supply and placing of concrete, vibrating, steel reinforcement shaping and fixing, curing, steel reinforcement, and supply and cast the required concrete, using mechanical vibrators, curing, testing steel reinforcement and concrete, and all other requirements and workmanship as per specifications, drawings and engineers instructions. The contractor has to submit shop drawings for approval prior to work."]
[null,"Vibrated reinforced concrete 1:1:2 (C25) in:-"]
[3.1,"Construct of rubble stone masonry wall with motar in the ratio 1:4 of cement and sand","sq.m",{"$f":"90+44.5+26.1+11.5188+4.617","v":{"v":176.73579999999998,"d":"176.74"}},{"v":40,"d":"40.00"},{"$f":"D30*E30","v":{"v":7069.431999999999,"d":"7,069.43"}}]
[null,"Walling"]
["Total Bill No.3 (Carried to Summary)",{"$nulls":4},{"$f":"SUM(F30:F31)","v":{"v":7069.431999999999,"d":"7,069.43"}}]
["BILL NO 4 FINISHES"]
["All works must be according to specification and engineer instructions. Rates shall include :  \n1-Supply of all needed materials, including galvanized angles for the corners  as well as the use of   galvanized wire mesh  between concrete \n2-Sand and the work  includes removal of  wires and  nails and cleaning of surfaces to be ready for plastering .This should be done prior to commencement of plastering and after obtaining a written approval from the supervision engineer.\n3-Contractor shall take into consideration that all – direct and indirect works and expenses required for the completion of the coming items are included in the unit price.4-Curing with water for at least three days for each coat.\n5-Price of plastering shall include all required materials and works, mixing, scaffolds, cleaning the site, required equipment and workmanship to complete the work according to specifications and directions of the engineer                                                                        \n6- Price of tiling works shall include supply of all materials, mixing the cement paste, cutting the tiles to the required shapes and dimensions, cleaning the site ,required equipment & workmanship to complete the work according to specifications and directions of the engineer."]
[null," Floors ,walls finishes"]
[4.1,"Supply all materials and screed 25mm thick cement sand screed 1:2 steel backing ","sq.m",{"$f":"(10*6*2)+(5*8*2)+(3*2*4)+(10*5)+(3*2)","v":{"v":280,"d":"280.00"}},{"v":5,"d":"5.00"},{"$f":"D36*E36","v":{"v":1400,"d":"1,400.00"}}]
[4.1,"Provide and instll alluminium ladder, two access manhole as per detailed in the drawing and as per Engineers specifications","sq.m",{"v":1,"d":"1.00"},{"v":800,"d":"800.00"},{"$f":"D37*E37","v":{"v":800,"d":"800.00"}}]
[]
["Total Bill No.4 (Carried to Summary)",{"$nulls":4},{"$f":"SUM(F37:F38)","v":{"v":800,"d":"800.00"}}]
["BILL NO 5 WATER PROOFING, PAINTING AND DECORATIONS"]
["Rates include: 1- Any painting materials must have a valid certificate confirming that the paint materials meet with  standard and specification , tested by approved local laboratory and have the final approved from the supervisor engineer.\n2- The surface must be dry and clean before painting.                            \n3- All painting works should provide the required coverage.\n4- All paint works must be according to specifications , drawings and supervisor engineer instructions. \n5- Contractor shall take into consideration that all – direct and indirect works and expenses required for the completion of the coming items are included in the unit price. \n6- Smoothen surfaces of existing plastering before the  Commencement paint using sand paper.     \n7- Price of painting shall include supply of all materials, cleaning the site, required equipment and workmanship to complete the work according to specifications and directions of the engineer.  "]
[5.1,"Prepare and apply three coats exterior long lasting water proofing or any other equal and approved paint to Rendered surfaces  ","sq.m",{"$f":"(10*6*2)+(5*8*2)+(3*2*4)+(10*5)+(3*2)","v":{"v":280,"d":"280.00"}},{"v":6,"d":"6.00"},{"$f":"D42*E42","v":{"v":1680,"d":"1,680.00"}}]
[5.1,"Prepare and apply three coats exterior long lasting first grade plastic emulsion paint as\"crown\" or any other equal and approved paint to Rendered surfaces  ","sq.m",{"v":20,"d":"20.00"},{"v":4,"d":"4.00"},{"$f":"D43*E43","v":{"v":80,"d":"80.00"}}]
["Total Bill No.5 (Carried to Summary)",{"$nulls":4},{"$f":"SUM(F42:F43)","v":{"v":1760,"d":"1,760.00"}}]
[]
["GRAND SUMMARY"]
[1,"EXCAVATION AND EARTHWORKS",{"$nulls":3},{"$f":"F13","v":509.24}]
[2,"SUBSTRUCTURE",{"$nulls":3},{"$f":"F26","v":{"v":8805.380427999999,"d":"8,805.38"}}]
[3,"SUPERSTRUCTURE ",{"$nulls":3},{"$f":"F32","v":{"v":7069.431999999999,"d":"7,069.43"}}]
[4,"FINISHES",{"$nulls":3},{"$f":"F39","v":{"v":800,"d":"800.00"}}]
[5,"PAINTING AND DECORATIONS",{"$nulls":3},{"$f":"F44","v":{"v":1760,"d":"1,760.00"}}]
[null,"GRAND TOTAL ",{"$nulls":3},{"$f":"SUM(F47:F51)","v":{"v":18944.052427999995,"d":"18,944.05"}}]
[]
[null,"NAME:"]
[]
[null,"DATE:"]
[]
[null,"SIGNATURE:"]

{"sheet":"Sheet1","index":11,"n_rows":52,"n_cols":6,"rows_kept":52,"hidden":true,"merged":[[0,0,1,0],[0,1,1,5],[3,0,3,5],[4,0,4,5],[11,0,11,5],[24,1,24,4],[25,0,25,5],[29,1,29,4],[30,0,30,5],[35,1,35,4],[36,0,36,5],[45,2,45,4],[50,0,50,4],[51,0,51,4]]}
["Lot","The external dimension of the underground water tank (Barked) is 10.8mx5.8mx4.0m and the equivalent volume of water are 200m3"]
[]
["#","Item Description","Unit","Quantity","Unit Price (USD)","Total Amount (USD)"]
["1.1 CONSTRUCTION OF ONE UNDERGROUND WATER TANK "]
["A. Construction of the main underground water tank"]
[1,"Excavation of foundation trench of 800mm wide and 250mm deep and foudation column pit of 250mm deep","M3",{"$f":"0.6+6.96+2.96","v":10.52}]
[2,"Casting of cement concrete 6 footing in no. with 200mm high, 500mm wide and breadth 500mm","M3",0.512]
[3,"Construction of rubble stone foundation work of 500mm wide and 800mm deep with 1:4 ratio","M3",12]
[4,"Construct of rubble stone masonry wall with 5636mm height and 400mm wide with 1:4 ratio cement/sand","M3",45.96]
[5,"Construction 900mm wide and 550mm deep stone masonry wall with mix ratio of 1:4 surrounding the whole underground water tank at upper surface of the stone masonry of underground water tank at same time draining back the roof water on the barked. ","M3",15.64]
["A","SUB TOTAL"]
["B. Floor work and plastering"]
[1,"Filling 100mm of fine sand the entire flood slab area of the underground water tank","M3",5]
[2,"300mm hard-core well rammed and compacted","M3",15]
[3,"Pouring 50mm thick of lean concrete  on hard-core with ratio of 1:2:6","M3",2.5]
[4,"Casting of RCC floor  slab on hard-core 150mm thick with 1:2:4 ratio @ 12mm Y10mm steel bars at 200mm spacing c/c","M3",7.5]
[5,"Casting of RCC foundation beam 500mm width and 300mm height with 1:2:4 and 12mm Y10 steel strip  4 no with 200mm spacing c/c","Cum",4.5]
[6,"Casting of cement concrete 4 columns in the comers with 4936mm high, 400mm wide and the breadth of 450mm","M3",2.62]
[7,"Casting of cement concrete mid columns 6 in no. with 4936mm high, 400mm wide and the breadth of 200mm","M3",1.75]
[8,"Casting of RCC 2 Continuous lintel in mid and the top with 450mm breadth, 400mm wide and 31,600mm length @ 12mm Y 100 steel strip 4 with 200mm spacing c/c.","Cum",10.8]
[9,"Apply two coats of internal plastering with chicken mesh wires  for all internal wall of the underground water tank with 1:2 ratio","Msq",256.41]
[10,"Apply two of external plaster of the underground water tank, roof wall, spill way, silt trap and spill and smoothing the surface area","M2",66.67]
[11,"Cement slurry screed on floor and walls with impermeable material and  1:2 ratio of cement/sand","Msq",202.55]
[12,"Supply and install aluminum ladder with hooks and properly fixed with top beam","No",1]
["B","SUB TOTAL"]
["C. Roofing"]
[1,"Provide 28 # CGI sheets with complete its wood work as per the drawings. The roof is pitched not flat.","Msq",64.8]
[2,"Provision of two water abstraction doors and one for the ladder with complete wood frame, smooth flat sheet, hinges, locks and keys"," No",3]
[3,"Casting of lean concrete 100mm thick on the top of the roof with ratio of 1:2:4 ","M3",0.2]
["C","SUB TOTAL"]
["1.2 Construction of silt-trap tank"]
[1,"Construction of stone foundation work of 500mm thick and 400mm deep with 1:4 ratio","Cum",2.56]
[2,"Construct 500mm x 150mm of RCC foundation beam with 1:2:4 ratio","Cum",1.02]
[3,"Construct stone masonry wall with 2535m height and 400m thick with 1:4 ratio","Cum",12.98]
[4,"Plastering with 12mm thick plaster with 1:3 ratio","Msq",34.48]
["D","SUB TOTAL"]
["Floor Work"]
[1,"Chipped off of 300mmm hard-core well rammed, compacted and levelled.","Cum",2.7]
[2,"100mm lean concrete on the top of hard-core with 1:2:4 ratio","Cum",0.9]
[3,"Apply two coats of plastering and Cement screed on floor with 1:3 ratio","Msq",23.38]
[4,"Construction of inception walls of 400mm wide, 450mm high and 400mm inlet channel and over flow","Cum",1.51]
[5,"400mm stone masonry pavement to be covered at the area in between the inlet channels joined with cement mortar of mix ratio 1:4.","Cum",0.86]
[6,"Construction of two semicircle stone masonry water abstraction pad wells 140mm at the edges of the main underground water tank and third one with ladder place with mix ratio of 1:4.","Cum",12.29]
[7,"Supply and install of 2 provision stone and rubbish trap on the underground tank inlet and outlet with 500mm high and 400mm wide with 8mm bars @ 30mm spacing c/c welded with iron bar frame. Also supply and install 2 provision rubbish and stone protection fixed on the silt trap of 450mm high and 400mm wide and 10mm iron with 40mm spacing c/c","Pcs",2]
[8,"Supply and install 2 provision rubbish and stone protection fixed on the silt trap of 450mm high and 400mm wide and 10mm iron with 40mm spacing c/c","Pcs",2]
["E","SUB TOTAL"]
["F","Transportation","Ls",1]
["G","Water tankers for curing of underground water tank to avoid cracking of the structure","M3",16]
["H","Site clearance from all construction materials and rubbish delivered to the site","Ls",1]
["I","Retention period of 90 days underground tank site curing and protection"]
["1.1 TOTAL"]
["GRAND TOTAL (1.1+1.2)"]

{"sheet":"Water Tank","index":12,"n_rows":64,"n_cols":6,"rows_kept":64,"hidden":true,"merged":[[0,0,0,5],[1,0,1,5],[2,0,2,4],[4,0,4,4],[10,0,10,2],[11,0,11,4],[12,0,12,5],[23,0,23,2],[24,0,24,4],[25,0,25,5],[37,0,37,2],[38,0,38,4],[39,0,39,5],[43,0,43,2],[44,0,44,4],[45,0,45,5],[48,0,48,2],[49,0,49,5],[50,0,50,4]]}
["BILL OF QUANTITY FOR CONSTRUCTION OF 25 CM, 8.95M high RCC WATER TOWER"]
["Notes: The contractor is reminded to visit the site before filling the Request for quotation  ascertain the extent of the conditions of site.  All quantified works in the Request for quotation are provisional and payment shall be  made based on the actual work executed at the site and agreed upon by all parties. The contractor is advised to constantly seek the  Engineer instructions at each phase of the work and if required, before filling the Request for quotation. All unit rate shall be deemed to include all elements of supplying and construction work that is labour and other overheads eg security, profit and overheads, cost of materials, wastages, transport etc."]
["BILL NO 1 PRELIMINARY WORKS"]
["ITEM","DESCRIPTION","UNIT","QUANTITY ","RATE (usd)","AMOUNT (usd)"]
["BILL NO 1 EXCAVATION AND EARTHWORKS"]
[1.1,"Excavate starting from stripped level a column base foundation as per foundation layout  to an average depth of 1500mm (1.5m) in normal soil to be approved by site Engineer","cum",{"v":12,"d":"12.00"},{"v":3,"d":"3.00"},{"$f":"D6*E6","v":{"v":36,"d":"36.00"}}]
[1.2,"Supply all materials and cast 50mm concrete for blinding concrete ratio 1:4:8","cum",{"v":0.8,"d":"0.80"},{"v":60,"d":"60.00"},{"$f":"D7*E7","v":{"v":48,"d":"48.00"}}]
[1.3,"Return fill in and ram excavated material around foundations as directed by Engineer on site","cum",{"v":35,"d":"35.00"},{"v":2,"d":"2.00"},{"$f":"D8*E8","v":{"v":70,"d":"70.00"}}]
[1.4,"Cart-away surplus excavated materials to where directed by Engineer","cum",7.08,{"v":2,"d":"2.00"},{"$f":"D9*E9","v":14.16}]
[1.5,"Allow for keeping excavations free from undergroung, or storm water","item",{"v":1,"d":"1.00"},{"v":10,"d":"10.00"},{"$f":"D10*E10","v":{"v":10,"d":"10.00"}}]
["Total Bill No.1(Carried to Summary)",{"$nulls":4},{"$f":"SUM(F6:F10)","v":178.16}]
["BILL NO 2 SUBSTRUCTURE WORKS"]
["The following items include supply and cast of concrete, shuttering, tie rods, spacers, supply and placing of concrete, vibrating, steel reinforcement shaping and fixing, curing, steel reinforcement, and supply and cast the required concrete, using mechanical vibrators, curing, testing steel reinforcement and concrete, and all other requirements and workmanship as per specifications, drawings and engineers instructions. "]
[null,"Concrete works"]
[null,"Vibrated reinforced concrete 1:2:4 to:-"]
[2.1,"Supply all materials and cast 450mm grade beam","cum",4.25,{"v":120,"d":"120.00"},{"$f":"D16*E16","v":{"v":510,"d":"510.00"}}]
[2.2,"Supply all materials and cast 450mmx450mm columns(foundation column height 1.5m) according to structural drawings upon approval by Site Engineer","cum",3.22,{"v":120,"d":"120.00"},{"v":386.40000000000003,"d":"386.40"}]
[2.3,"Supply all materials and cast 600mm thick raft foundation bases to be approved by Engineer and according structural drawings","cum",{"$f":"4.8*4.8*0.6","v":13.824},{"v":120,"d":"120.00"},{"$f":"D18*E18","v":{"v":1658.8799999999999,"d":"1,658.88"}}]
[2.4,"Supply all materials and cast 300mm thick column bases to be approved by Engineer and according structural drawings","cum",{"v":6.4,"d":"6.400"},{"v":120,"d":"120.00"},{"v":768,"d":"768.00"}]
[null,"Reinforcement details"]
[2.4,"Supply and fix strip steel reinforcement round bars to B.s 4449 including all cutting to size, binding wire and spacer blocks in strip to be placed according to the structural drawings provided or as advised by Structural Site Engineer","kg",{"v":4344.92,"d":"4,344.92"},{"v":1.5,"d":"1.50"},{"v":6517.38,"d":"6,517.38"}]
[null,"Sawnform work to:-"]
[{"v":2.5,"d":"2.50"},"Supply and fix formwork for sides of stub columns, strip footing formworks and edges of base columns","sq.m",{"v":11,"d":"11.00"},{"v":3.5,"d":"3.50"},{"v":38.5,"d":"38.50"}]
["Total Bill No.2 (Carried to Summary)",{"$nulls":4},{"$f":"SUM(F14:F23)","v":{"v":9879.16,"d":"9,879.16"}}]
["BILL NO 3 SUPERSTRUCTURE WORKS"]
["1- Supplying , placing, workmanship, mortar, scaffolds, filling mastic for  expansion joints and all other required materials, equipment and tools to complete the work according to specifications and directions of supervisor engineer. \n2 -Contractor to provide samples for approval and all the required tests.                                        \n3-The following items include supply and cast of concrete, shuttering, tie rods, spacers, supply and placing of concrete, vibrating, steel reinforcement shaping and fixing, curing, steel reinforcement, and supply and cast the required concrete, using mechanical vibrators, curing, testing steel reinforcement and concrete, and all other requirements and workmanship as per specifications, drawings and engineers instructions. The contractor has to submit shop drawings for approval prior to work."]
[null,"Vibrated reinforced concrete 1:1:2 (C25) in:-"]
[3.1,"Supply all materials and cast foundation raft as per structural design drawings","cum",{"$f":"4.8*4.8*0.6","v":{"v":13.824,"d":"13.82"}},{"v":120,"d":"120.00"},{"$f":"D28*E28","v":{"v":1658.8799999999999,"d":"1,658.88"}}]
[3.2,"Supply all materials and cast support beams per structural design drawings","cum",{"$f":"3.182*0.45*0.25*8","v":{"v":2.8638,"d":"2.86"}},{"v":120,"d":"120.00"},{"$f":"D29*E29","v":{"v":343.656,"d":"343.66"}}]
[3.3,"Supply all materials and cast Ring beam  as per structural design drawings attached work to be approved by Engineer","cum",{"$f":"((PI()*4.8^2/4)-(PI()*4.5^2/4))*0.6","v":{"v":1.3147565255273292,"d":"1.31"}},{"v":120,"d":"120.00"},{"$f":"D30*E30","v":{"v":157.7707830632795,"d":"157.77"}}]
[3.3,"Supply all materials and cast columns as per structural design drawings attached work to be approved by Engineer","cum",{"$f":"0.3*0.3*7.15*4","v":{"v":2.574,"d":"2.57"}},{"v":120,"d":"120.00"},{"$f":"D31*E31","v":308.88}]
[3.3,"Supply all materials and cast tank floor, walling and cover slab as per  structural design drawings attached work to be approved by Engineer","cum",{"$f":"(PI()*4.8^2/4*0.6)+(((PI()/4*(4.8^2-4.3^2))*1.8)+((PI()/2*4.8^2*0.2)))","v":{"v":24.52798464290231,"d":"24.53"}},{"v":120,"d":"120.00"},{"$f":"D32*E32","v":{"v":2943.3581571482773,"d":"2,943.36"}}]
[null,"Formwork"]
[3.3,"Supply and fix formwork for sides of columns and slab","sq.m",{"v":28.8,"d":"28.80"},{"v":3,"d":"3.00"},{"$f":"D34*E34","v":{"v":86.4,"d":"86.40"}}]
[3.4,"Supply and fix formwork on sides and soffites of ringbeams","sq.m",{"v":24,"d":"24.00"},{"v":3,"d":"3.00"},{"$f":"D35*E35","v":{"v":72,"d":"72.00"}}]
[3.5,"Supply and fix formwork on sides and soffites of RC tank","sq.m",{"v":47,"d":"47.00"},{"v":3,"d":"3.00"},{"$f":"D36*E36","v":{"v":141,"d":"141.00"}}]
[null,"Walling"]
["Total Bill No.3 (Carried to Summary)",{"$nulls":4},{"$f":"SUM(F29:F37)","v":{"v":4053.064940211557,"d":"4,053.06"}}]
["BILL NO 4 FINISHES"]
["All works must be according to specification and engineer instructions. Rates shall include :  \n1-Supply of all needed materials, including galvanized angles for the corners  as well as the use of   galvanized wire mesh  between concrete \n2-Preparation works by covering all conduits of electricity, water supplies ,between existing walls and slabs … etc,  with  a galvanized wire mesh at least 20cm width  coated by mortar (1:1) cement : sand and the work  includes removal of  wires and  nails and cleaning of surfaces to be ready for plastering .This should be done prior to commencement of plastering and after obtaining a written approval from the supervision engineer.\n3-Contractor shall take into consideration that all – direct and indirect works and expenses required for the completion of the coming items are included in the unit price.4-Curing with water for at least three days for each coat.\n5-Price of plastering shall include all required materials and works, mixing, scaffolds, cleaning the site, required equipment and workmanship to complete the work according to specifications and directions of the engineer                                                                        \n6- Price of tiling works shall include supply of all materials, mixing the cement paste, cutting the tiles to the required shapes and dimensions, cleaning the site ,required equipment & workmanship to complete the work according to specifications and directions of the engineer."]
[null,"Floors and walls"]
[4.1,"Supply all materials and screed 25mm thick cement sand screed 1:2 steel backing ","sq.m",{"v":163,"d":"163.00"},{"v":3,"d":"3.00"},{"$f":"D42*E42","v":{"v":489,"d":"489.00"}}]
[]
["Total Bill No.4 (Carried to Summary)",{"$nulls":4},{"$f":"SUM(F42:F43)","v":{"v":489,"d":"489.00"}}]
["BILL NO 5 WATER PROOFING, PAINTING AND DECORATIONS"]
["Rates include: 1- Any painting materials must have a valid certificate confirming that the paint materials meet with  standard and specification , tested by approved local laboratory and have the final approved from the supervisor engineer.\n2- The surface must be dry and clean before painting.                            \n3- All painting works should provide the required coverage.\n4- All paint works must be according to specifications , drawings and supervisor engineer instructions. \n5- Contractor shall take into consideration that all – direct and indirect works and expenses required for the completion of the coming items are included in the unit price. \n6- Smoothen surfaces of existing plastering before the  Commencement paint using sand paper.     \n7- Price of painting shall include supply of all materials, cleaning the site, required equipment and workmanship to complete the work according to specifications and directions of the engineer.  "]
[5.1,"Prepare and apply three coats exterior long lasting water proofing or any other equal and approved paint to Rendered surfaces  ","sq.m",{"$f":"(PI()*4.8*1.8)+((PI()*4.8^2/4))","v":{"v":45.23893421169302,"d":"45.24"}},{"v":2,"d":"2.00"},{"$f":"D47*E47","v":{"v":90.47786842338604,"d":"90.48"}}]
[5.1,"Prepare and apply three coats exterior long lasting first grade plastic emulsion paint as\"crown\" or any other equal and approved paint to Rendered surfaces  ","sq.m",{"$f":"D42","v":{"v":163,"d":"163.00"}},{"v":2,"d":"2.00"},{"$f":"D48*E48","v":{"v":326,"d":"326.00"}}]
["Total Bill No.5 (Carried to Summary)",{"$nulls":4},{"$f":"SUM(F48:F48)","v":{"v":326,"d":"326.00"}}]
[]
["GRAND SUMMARY"]
[1,"EXCAVATION AND EARTHWORKS",{"$nulls":3},{"$f":"F11","v":178.16}]
[2,"SUBSTRUCTURE",{"$nulls":3},{"$f":"F24","v":{"v":9879.16,"d":"9,879.16"}}]
[3,"SUPERSTRUCTURE",{"$nulls":3},{"$f":"F38","v":{"v":4053.064940211557,"d":"4,053.06"}}]
[4,"FINISHES",{"$nulls":3},{"$f":"F44","v":{"v":489,"d":"489.00"}}]
[5,"PAINTING AND DECORATIONS",{"$nulls":3},{"$f":"F49","v":{"v":326,"d":"326.00"}}]
[6,"PLUMBING ACCESSORIES AND OTHERS","PROVISIONAL",null,null,{"v":3500,"d":"3,500.00"}]
[null,"GRAND TOTAL ",{"$nulls":3},{"$f":"SUM(F52:F57)","v":{"v":18425.384940211556,"d":"18,425.38"}}]
[]
[null,"NAME:"]
[]
[null,"DATE:"]
[]
[null,"SIGNATURE:"]

{"sheet":"Water point","index":13,"n_rows":26,"n_cols":6,"rows_kept":26,"hidden":true,"merged":[[0,0,0,5],[1,0,1,5],[2,0,2,4]]}
["BILL OF QUANTITY FOR CONSTRUCTION OF TWO WATER POINTS"]
["Notes: The contractor is reminded to visit the site before filling the Request for quotation  ascertain the extent of the conditions of site.  All quantified works in the Request for quotation are provisional and payment shall be  made based on the actual work executed at the site and agreed upon by all parties. The contractor is advised to constantly seek the  Engineer instructions at each phase of the work and if required, before filling the Request for quotation. All unit rate shall be deemed to include all elements of supplying and construction work that is labour and other overheads eg security, profit and overheads, cost of materials, wastages, transport etc."]
["BILL NO 1 PRELIMINARY WORKS"]
["ITEM","DESCRIPTION","UNIT","QUANTITY ","RATE (usd)","AMOUNT (usd)"]
[1,"Clearing and preparation of the site including cutting down and removal of top soil up to a depth of 150mm and disposed of as directed.","M2",30.3,{"v":2,"d":"2.00"},{"$f":"D5*E5","v":{"v":60.6,"d":"61"}}]
[{"$f":"A5+1","v":2},"Excavation of foundation trench","M3",{"v":6,"d":"6.0"},{"v":3,"d":"3.00"},18]
[{"$f":"A6+1","v":3},"Supplying and laying 300 mm approved hardcore filling spread well rammed and compacted","M3",{"v":5.34,"d":"5.3"},{"v":26,"d":"26.00"},{"v":138.84,"d":"139"}]
[4,"50 mm PCC (1:2:4) For RCC Work ","M3",2.5,{"v":300,"d":"300.00"},750]
[5,"Stone Masonry Work in 1:4 C/M","M3",{"v":3.95,"d":"4.0"},{"v":85,"d":"85.00"},{"v":335.75,"d":"336"}]
[6,"20 mm thick Plaster in 1:4 C/M ","M2",{"v":40.11,"d":"40.1"},{"v":3,"d":"3.00"},{"v":120.33,"d":"120"}]
[7,"3 mm th. Punning work in 1:1 C/M","M2",{"v":6,"d":"6.0"},{"v":93.6,"d":"93.60"},{"v":561.5999999999999,"d":"562"}]
[8,"HDP Drain pipe ⱷ 100 mm of 6m long","No",{"v":2,"d":"2.0"},{"v":24,"d":"24.00"},48]
[9,"Globe valve ⱷ 50 mm ","No",{"v":2,"d":"2.0"},{"v":30,"d":"30.00"},60]
[10,"Concrete Manhole for Gate Valve with steel cover and lock","No",{"v":1,"d":"1.0"},{"v":100,"d":"100.00"},100]
[11,"Brass Union ⱷ 50 mm","No",{"v":1,"d":"1.0"},{"v":20,"d":"20.00"},20]
[12,"GI Nipple ⱷ 50 mm","No",{"v":1,"d":"1.0"},{"v":15,"d":"15.00"},15]
[13,"GI Pipe ⱷ 50 mm of 6m long","No",{"v":1,"d":"1.0"},{"v":120,"d":"120.00"},120]
[14,"GI Elbow ⱷ 50 mm","No",{"v":2,"d":"2.0"},{"v":15,"d":"15.00"},30]
[15,"GI Socket ⱷ 50 mm","No",{"v":8,"d":"8.0"},{"v":15,"d":"15.00"},120]
[16,"GI Cross ⱷ 50 mm","No",{"v":3,"d":"3.0"},{"v":15,"d":"15.00"},45]
[17,"GI Tee ⱷ 50 mm","No",{"v":1,"d":"1.0"},{"v":15,"d":"15.00"},15]
[18,"Brass Tap ","No",{"v":8,"d":"8.0"},{"v":15,"d":"15.00"},120]
[19,"Soak pit ⱷ 2m, depth- 3m filled with rubble stones","No",{"v":1,"d":"1.0"},{"v":95,"d":"95.00"},95]
[20,"50MM HDPE pipe -distribution pipe","M",{"v":150,"d":"150.0"},{"v":2,"d":"2.00"},300]
[null,"Total for one Unit",{"$nulls":3},{"$f":"SUM(F5:F24)","v":{"v":3073.12,"d":"3,073"}}]
[null,"Total for 2 water points",{"$nulls":3},{"$f":"F25*2","v":{"v":6146.24,"d":"6,146.24"}}]